Every Consecutive US County on a Map - Statistics

General Stats
  • This quiz has been taken 41 times
  • The average score is 54 of 3143
Answers on the Map
Answers color-coded by a green-red scale on the quiz's map according to % correct below.
 
Answer Stats
State County % Correct
DC District of Columbia
57%
California CALosAngeles
30%
California CAFresno
26%
California CAOrange
26%
California CASanBernardino
26%
California CASanDiego
26%
California CASanFrancisco
26%
California CASantaBarbara
26%
California CAImperial
22%
California CAInyo
22%
California CAKern
22%
California CASacramento
22%
Nevada NVClark
22%
New York NYKings
22%
New York NYNewYork
22%
Texas TXElPaso
22%
Arizona AZMaricopa
17%
California CAAlameda
17%
California CANapa
17%
California CASantaCruz
17%
Colorado CODenver
17%
Hawaii HIHonolulu
17%
New York NYQueens
17%
Texas TXDallas
17%
Utah UTSaltLake
17%
Virginia VANorfolk
17%
Virginia VARichmond
17%
Arizona AZPima
13%
California CAAlpine
13%
California CAContraCosta
13%
California CALake
13%
California CALassen
13%
California CAMarin
13%
California CAModoc
13%
California CAMono
13%
California CAMonterey
13%
California CANevada
13%
California CARiverside
13%
California CASanMateo
13%
California CAShasta
13%
California CASierra
13%
California CASonoma
13%
California CAStanislaus
13%
California CATuolumne
13%
California CAVentura
13%
Florida FLBrevard
13%
Florida FLDuval
13%
Florida FLMiamiDade
13%
Florida FLOrange
13%
Hawaii HIHawaii
13%
Hawaii HIMaui
13%
Maryland MDBaltimore
13%
Michigan MIJackson
13%
Michigan MIMacomb
13%
Michigan MIWayne
13%
New York NYAlbany
13%
New York NYBronx
13%
New York NYNassau
13%
New York NYOrange
13%
New York NYRichmond
13%
Pennsylvania PAPhiladelphia
13%
Texas TXBexar
13%
Texas TXHarris
13%
Texas TXLubbock
13%
Texas TXMontgomery
13%
Texas TXOrange
13%
Texas TXPecos
13%
Virginia VAAlexandria
13%
Virginia VAArlington
13%
Virginia VAFallsChurch
13%
Virginia VANewportNews
13%
Virginia VAVirginiaBeach
13%
Alaska AKAnchorage
9%
Alaska AKJuneau
9%
Alaska AKNome
9%
Alaska AKNorth Slope
9%
Alabama ALJefferson
9%
Arizona AZApache
9%
Arizona AZMohave
9%
Arizona AZNavajo
9%
Arizona AZPinal
9%
Arizona AZYavapai
9%
Arizona AZYuma
9%
California CAAmador
9%
California CAButte
9%
California CACalaveras
9%
California CAColusa
9%
California CADelNorte
9%
California CAElDorado
9%
California CAGlenn
9%
California CAHumboldt
9%
California CAKings
9%
California CAMadera
9%
California CAMariposa
9%
California CAMendocino
9%
California CAMerced
9%
California CAPlacer
9%
California CAPlumas
9%
California CASanBenito
9%
California CASanJoaquin
9%
California CASanLuisObispo
9%
California CASantaClara
9%
California CASiskiyou
9%
California CATehama
9%
California CATrinity
9%
California CATulare
9%
California CAYolo
9%
California CAYuba
9%
Connecticut CTHartford
9%
Connecticut CTNewHaven
9%
Delaware DEKent
9%
Delaware DENewCastle
9%
Florida FLBroward
9%
Florida FLHillsborough
9%
Florida FLJackson
9%
Florida FLMonroe
9%
Florida FLOsceola
9%
Florida FLPalmBeach
9%
Florida FLSeminole
9%
Florida FLWashington
9%
Georgia GAFulton
9%
Georgia GAJackson
9%
Illinois ILCook
9%
Illinois ILLake
9%
Indiana INClark
9%
Indiana INMarion
9%
Massachusetts MASuffolk
9%
Maine MEAroostook
9%
Maine MEYork
9%
Michigan MIAlpena
9%
Michigan MIBay
9%
Michigan MICheboygan
9%
Michigan MIGenesee
9%
Michigan MIGrandTraverse
9%
Michigan MIHillsdale
9%
Michigan MIHoughton
9%
Michigan MIIron
9%
Michigan MIKalamazoo
9%
Michigan MIKeweenaw
9%
Michigan MILake
9%
Michigan MILapeer
9%
Michigan MILenawee
9%
Michigan MIMackinac
9%
Michigan MIManistee
9%
Michigan MIMarquette
9%
Michigan MIMenominee
9%
Michigan MIMidland
9%
Michigan MIMonroe
9%
Michigan MIMuskegon
9%
Michigan MIOakland
9%
Michigan MISaginaw
9%
Michigan MISchoolcraft
9%
Michigan MISt.Clair
9%
Michigan MIVanBuren
9%
Minnesota MNLake
9%
Missouri MOSt.LouisCity
9%
Missouri MOSt.Louis
9%
Montana MTLewisandClark
9%
Nebraska NECherry
9%
New Jersey NJBergen
9%
New Jersey NJHudson
9%
New Jersey NJMonmouth
9%
New Mexico NMBernalillo
9%
New Mexico NMDoñaAna
9%
Nevada NVLincoln
9%
Nevada NVWashoe
9%
Nevada NVWhitePine
9%
New York NYNiagara
9%
New York NYOntario
9%
New York NYSuffolk
9%
New York NYWestchester
9%
Ohio OHClark
9%
Ohio OHCuyahoga
9%
Ohio OHErie
9%
Ohio OHFranklin
9%
Ohio OHHamilton
9%
Ohio OHLake
9%
Ohio OHLorain
9%
Ohio OHLucas
9%
Ohio OHMontgomery
9%
Ohio OHWarren
9%
Ohio OHWayne
9%
Oklahoma OKOklahoma
9%
Oklahoma OKTexas
9%
Oklahoma OKTulsa
9%
Oregon ORBaker
9%
Oregon ORLincoln
9%
Pennsylvania PAAllegheny
9%
Pennsylvania PABeaver
9%
Pennsylvania PACentre
9%
Pennsylvania PADelaware
9%
Pennsylvania PAErie
9%
Pennsylvania PAMontgomery
9%
Pennsylvania PAWashington
9%
Rhode Island RIProvidence
9%
Rhode Island RIWashington
9%
Tennessee TNDavidson
9%
Texas TXFortBend
9%
Texas TXHouston
9%
Texas TXJeffDavis
9%
Texas TXJefferson
9%
Texas TXLee
9%
Texas TXMidland
9%
Texas TXTarrant
9%
Texas TXTravis
9%
Utah UTTooele
9%
Virginia VABristol
9%
Virginia VACharlotte
9%
Virginia VACharlottesville
9%
Virginia VAEssex
9%
Virginia VAFairfax
9%
Virginia VAGalax
9%
Virginia VAGoochland
9%
Virginia VAGrayson
9%
Virginia VAHenrico
9%
Virginia VALoudoun
9%
Virginia VALynchburg
9%
Virginia VAManassas
9%
Virginia VANew Kent
9%
Virginia VAOrange
9%
Virginia VARoanoke
9%
Virginia VASalem
9%
Virginia VAStaunton
9%
Virginia VASuffolk
9%
Virginia VAWinchester
9%
Washington WAKing
9%
Washington WASpokane
9%
Wisconsin WIKenosha
9%
Wisconsin WIMilwaukee
9%
Wisconsin WIRacine
9%
West Virginia WVHancock
9%
West Virginia WVJackson
9%
West Virginia WVKanawha
9%
West Virginia WVLogan
9%
West Virginia WVMineral
9%
West Virginia WVMingo
9%
West Virginia WVMonongalia
9%
West Virginia WVPreston
9%
West Virginia WVRaleigh
9%
West Virginia WVWood
9%
Wyoming WYAlbany
9%
Wyoming WYTeton
9%
Alaska AKAleutiansEast
4%
Alaska AKAleutiansWest
4%
Alaska AKBethel
4%
Alaska AKDenali
4%
Alaska AKFairbanksNorthStar
4%
Alaska AKHaines
4%
Alaska AKPetersburg
4%
Alaska AKSkagway
4%
Alaska AKYakutat
4%
Alaska AKYukonKoyukuk
4%
Alabama ALCoffee
4%
Alabama ALJackson
4%
Alabama ALTalladega
4%
Arkansas ARBenton
4%
Arkansas ARPulaski
4%
Arizona AZCochise
4%
Arizona AZCoconino
4%
Arizona AZGila
4%
Arizona AZGraham
4%
Arizona AZGreenlee
4%
Arizona AZLa Paz
4%
Arizona AZSantaCruz
4%
California CASolano
4%
California CASutter
4%
Colorado COAdams
4%
Colorado COElPaso
4%
Colorado COJefferson
4%
Colorado COPueblo
4%
Connecticut CTNewLondon
4%
Delaware DESussex
4%
Florida FLBay
4%
Florida FLDixie
4%
Florida FLFlagler
4%
Florida FLGadsden
4%
Florida FLIndianRiver
4%
Florida FLJefferson
4%
Florida FLLake
4%
Florida FLOkeechobee
4%
Florida FLPinellas
4%
Florida FLSarasota
4%
Florida FLSt.Lucie
4%
Florida FLVolusia
4%
Georgia GACherokee
4%
Georgia GAClarke
4%
Georgia GACobb
4%
Georgia GACook
4%
Georgia GADeKalb
4%
Georgia GADouglas
4%
Georgia GAFayette
4%
Georgia GAGwinnett
4%
Georgia GAHall
4%
Georgia GAHenry
4%
Georgia GALincoln
4%
Georgia GALowndes
4%
Georgia GAPaulding
4%
Georgia GATaylor
4%
Georgia GATurner
4%
Iowa IADallas
4%
Iowa IADesMoines
4%
Iowa IADubuque
4%
Iowa IAJohnson
4%
Iowa IAKossuth
4%
Iowa IALucas
4%
Iowa IAPolk
4%
Iowa IAScott
4%
Idaho IDBoise
4%
Idaho IDBonner
4%
Idaho IDBoundary
4%
Idaho IDIdaho
4%
Idaho IDJefferson
4%
Idaho IDOwyhee
4%
Idaho IDTeton
4%
Illinois ILChampaign
4%
Illinois ILDeKalb
4%
Illinois ILDuPage
4%
Illinois ILJackson
4%
Illinois ILWill
4%
Indiana INAllen
4%
Indiana INBlackford
4%
Indiana INElkhart
4%
Indiana INGreene
4%
Indiana INHancock
4%
Indiana INHenry
4%
Indiana INJackson
4%
Indiana INJefferson
4%
Indiana INKosciusko
4%
Indiana INLake
4%
Indiana INLaPorte
4%
Indiana INMadison
4%
Indiana INOrange
4%
Indiana INPosey
4%
Indiana INSteuben
4%
Indiana INSwitzerland
4%
Indiana INWabash
4%
Indiana INWashington
4%
Kansas KSJackson
4%
Kansas KSWichita
4%
Kentucky KYJackson
4%
Kentucky KYPike
4%
Louisiana LAConcordia
4%
Louisiana LAOrleans
4%
Louisiana LASt.Tammany
4%
Louisiana LAWebster
4%
Massachusetts MABarnstable
4%
Massachusetts MAEssex
4%
Massachusetts MANantucket
4%
Massachusetts MANorfolk
4%
Massachusetts MAPlymouth
4%
Massachusetts MAWorcester
4%
Maryland MDCarroll
4%
Maryland MDFrederick
4%
Maryland MDKent
4%
Maryland MDMontgomery
4%
Maryland MDQueenAnne's
4%
Maryland MDWashington
4%
Maine MECumberland
4%
Maine MEHancock
4%
Maine MELincoln
4%
Maine MEWaldo
4%
Maine MEWashington
4%
Michigan MIAlcona
4%
Michigan MIAlger
4%
Michigan MIAllegan
4%
Michigan MIAntrim
4%
Michigan MIArenac
4%
Michigan MIBaraga
4%
Michigan MIBarry
4%
Michigan MIBenzie
4%
Michigan MIBerrien
4%
Michigan MIBranch
4%
Michigan MICalhoun
4%
Michigan MICass
4%
Michigan MICharlevoix
4%
Michigan MIChippewa
4%
Michigan MIClare
4%
Michigan MIClinton
4%
Michigan MICrawford
4%
Michigan MIDelta
4%
Michigan MIDickinson
4%
Michigan MIEaton
4%
Michigan MIEmmet
4%
Michigan MIGladwin
4%
Michigan MIGogebic
4%
Michigan MIGratiot
4%
Michigan MIHuron
4%
Michigan MIIngham
4%
Michigan MIIonia
4%
Michigan MIIosco
4%
Michigan MIIsabella
4%
Michigan MIKalkaska
4%
Michigan MIKent
4%
Michigan MILeelanau
4%
Michigan MILivingston
4%
Michigan MILuce
4%
Michigan MIMason
4%
Michigan MIMecosta
4%
Michigan MIMissaukee
4%
Michigan MIMontcalm
4%
Michigan MIMontmorency
4%
Michigan MINewaygo
4%
Michigan MIOceana
4%
Michigan MIOgemaw
4%
Michigan MIOntonagon
4%
Michigan MIOsceola
4%
Michigan MIOscoda
4%
Michigan MIOtsego
4%
Michigan MIOttawa
4%
Michigan MIPresqueIsle
4%
Michigan MIRoscommon
4%
Michigan MISanilac
4%
Michigan MIShiawassee
4%
Michigan MISt.Joseph
4%
Michigan MITuscola
4%
Michigan MIWashtenaw
4%
Michigan MIWexford
4%
Minnesota MNBlueEarth
4%
Minnesota MNBrown
4%
Minnesota MNDakota
4%
Minnesota MNHennepin
4%
Minnesota MNKoochiching
4%
Minnesota MNLakeoftheWoods
4%
Minnesota MNRedLake
4%
Minnesota MNYellowMedicine
4%
Missouri MOJackson
4%
Missouri MOJefferson
4%
Missouri MOOzark
4%
Mississippi MSJackson
4%
Montana MTMissoula
4%
Montana MTPetroleum
4%
Montana MTRoosevelt
4%
North Carolina NCAshe
4%
North Carolina NCDurham
4%
North Carolina NCMecklenburg
4%
North Carolina NCOrange
4%
North Carolina NCWake
4%
Nebraska NEArthur
4%
Nebraska NEBoyd
4%
Nebraska NEDouglas
4%
Nebraska NELincoln
4%
Nebraska NERock
4%
Nebraska NESarpy
4%
New Hampshire NHCoos
4%
New Jersey NJAtlantic
4%
New Jersey NJCamden
4%
New Jersey NJCapeMay
4%
New Jersey NJHunterdon
4%
New Jersey NJMorris
4%
New Jersey NJPassaic
4%
New Mexico NMChaves
4%
New Mexico NMHarding
4%
New Mexico NMLea
4%
New Mexico NMLincoln
4%
New Mexico NMMora
4%
New Mexico NMQuay
4%
New Mexico NMRoosevelt
4%
New Mexico NMSanJuan
4%
New Mexico NMSantaFe
4%
New Mexico NMTaos
4%
New Mexico NMValencia
4%
Nevada NVCarsonCity
4%
Nevada NVElko
4%
Nevada NVEsmeralda
4%
Nevada NVEureka
4%
Nevada NVHumboldt
4%
Nevada NVMineral
4%
Nevada NVNye
4%
New York NYAllegany
4%
New York NYCattaraugus
4%
New York NYChautauqua
4%
New York NYClinton
4%
New York NYCortland
4%
New York NYErie
4%
New York NYGreene
4%
New York NYHamilton
4%
New York NYHerkimer
4%
New York NYJefferson
4%
New York NYOnondaga
4%
New York NYOswego
4%
New York NYOtsego
4%
New York NYPutnam
4%
New York NYRockland
4%
New York NYSaratoga
4%
New York NYSt.Lawrence
4%
New York NYTompkins
4%
New York NYWashington
4%
New York NYWyoming
4%
Ohio OHAdams
4%
Ohio OHAllen
4%
Ohio OHAshland
4%
Ohio OHAshtabula
4%
Ohio OHAthens
4%
Ohio OHAuglaize
4%
Ohio OHBelmont
4%
Ohio OHBrown
4%
Ohio OHButler
4%
Ohio OHCarroll
4%
Ohio OHChampaign
4%
Ohio OHClermont
4%
Ohio OHClinton
4%
Ohio OHColumbiana
4%
Ohio OHCoshocton
4%
Ohio OHCrawford
4%
Ohio OHDarke
4%
Ohio OHDefiance
4%
Ohio OHDelaware
4%
Ohio OHFairfield
4%
Ohio OHFayette
4%
Ohio OHFulton
4%
Ohio OHGallia
4%
Ohio OHGeauga
4%
Ohio OHGreene
4%
Ohio OHGuernsey
4%
Ohio OHHancock
4%
Ohio OHHardin
4%
Ohio OHHarrison
4%
Ohio OHHenry
4%
Ohio OHHighland
4%
Ohio OHHocking
4%
Ohio OHHolmes
4%
Ohio OHHuron
4%
Ohio OHJackson
4%
Ohio OHJefferson
4%
Ohio OHKnox
4%
Ohio OHLawrence
4%
Ohio OHLicking
4%
Ohio OHLogan
4%
Ohio OHMadison
4%
Ohio OHMahoning
4%
Ohio OHMarion
4%
Ohio OHMedina
4%
Ohio OHMeigs
4%
Ohio OHMercer
4%
Ohio OHMiami
4%
Ohio OHMonroe
4%
Ohio OHMorgan
4%
Ohio OHMorrow
4%
Ohio OHMuskingum
4%
Ohio OHNoble
4%
Ohio OHOttawa
4%
Ohio OHPaulding
4%
Ohio OHPerry
4%
Ohio OHPickaway
4%
Ohio OHPike
4%
Ohio OHPortage
4%
Ohio OHPreble
4%
Ohio OHPutnam
4%
Ohio OHRichland
4%
Ohio OHRoss
4%
Ohio OHSandusky
4%
Ohio OHScioto
4%
Ohio OHSeneca
4%
Ohio OHShelby
4%
Ohio OHStark
4%
Ohio OHSummit
4%
Ohio OHTrumbull
4%
Ohio OHTuscarawas
4%
Ohio OHUnion
4%
Ohio OHVanWert
4%
Ohio OHVinton
4%
Ohio OHWashington
4%
Ohio OHWilliams
4%
Ohio OHWood
4%
Ohio OHWyandot
4%
Oklahoma OKCanadian
4%
Oklahoma OKCherokee
4%
Oklahoma OKCimarron
4%
Oklahoma OKJackson
4%
Oregon ORBenton
4%
Oregon ORColumbia
4%
Oregon ORCoos
4%
Oregon ORJackson
4%
Oregon ORJosephine
4%
Oregon ORKlamath
4%
Oregon ORLake
4%
Oregon ORLane
4%
Oregon ORMarion
4%
Oregon ORMultnomah
4%
Oregon ORPolk
4%
Oregon ORUmatilla
4%
Oregon ORWashington
4%
Oregon ORWheeler
4%
Pennsylvania PABucks
4%
Pennsylvania PACarbon
4%
Pennsylvania PACumberland
4%
Pennsylvania PADauphin
4%
Pennsylvania PAFranklin
4%
Pennsylvania PAGreene
4%
Pennsylvania PAIndiana
4%
Pennsylvania PALackawanna
4%
Pennsylvania PALancaster
4%
Pennsylvania PASusquehanna
4%
Pennsylvania PAWayne
4%
Pennsylvania PAYork
4%
Rhode Island RIBristol
4%
Rhode Island RIKent
4%
Rhode Island RINewport
4%
South Carolina SCCharleston
4%
South Carolina SCHorry
4%
South Dakota SDBuffalo
4%
South Dakota SDFallRiver
4%
South Dakota SDHand
4%
South Dakota SDLawrence
4%
South Dakota SDLincoln
4%
South Dakota SDMellette
4%
South Dakota SDOglalaLakota
4%
South Dakota SDYankton
4%
Tennessee TNLake
4%
Texas TXAransas
4%
Texas TXArmstrong
4%
Texas TXBell
4%
Texas TXBowie
4%
Texas TXBrazoria
4%
Texas TXBrewster
4%
Texas TXBrooks
4%
Texas TXBurnet
4%
Texas TXChambers
4%
Texas TXCollin
4%
Texas TXColorado
4%
Texas TXComal
4%
Texas TXCrockett
4%
Texas TXDeafSmith
4%
Texas TXDenton
4%
Texas TXDuval
4%
Texas TXGalveston
4%
Texas TXGuadalupe
4%
Texas TXHays
4%
Texas TXHood
4%
Texas TXHunt
4%
Texas TXJack
4%
Texas TXJohnson
4%
Texas TXKaufman
4%
Texas TXKing
4%
Texas TXKleberg
4%
Texas TXLiberty
4%
Texas TXLoving
4%
Texas TXNueces
4%
Texas TXPanola
4%
Texas TXRoberts
4%
Texas TXRockwall
4%
Texas TXRusk
4%
Texas TXSabine
4%
Texas TXSanJacinto
4%
Texas TXSanSaba
4%
Texas TXStarr
4%
Texas TXStonewall
4%
Texas TXTomGreen
4%
Texas TXTrinity
4%
Texas TXUpshur
4%
Texas TXWaller
4%
Texas TXWashington
4%
Texas TXWebb
4%
Texas TXWichita
4%
Texas TXWilliamson
4%
Texas TXZapata
4%
Utah UTBeaver
4%
Utah UTBoxElder
4%
Utah UTCache
4%
Utah UTCarbon
4%
Utah UTDaggett
4%
Utah UTDavis
4%
Utah UTDuchesne
4%
Utah UTEmery
4%
Utah UTGarfield
4%
Utah UTGrand
4%
Utah UTIron
4%
Utah UTJuab
4%
Utah UTKane
4%
Utah UTMillard
4%
Utah UTMorgan
4%
Utah UTPiute
4%
Utah UTRich
4%
Utah UTSanJuan
4%
Utah UTSanpete
4%
Utah UTSevier
4%
Utah UTSummit
4%
Utah UTUintah
4%
Utah UTUtah
4%
Utah UTWasatch
4%
Utah UTWashington
4%
Utah UTWayne
4%
Utah UTWeber
4%
Virginia VAAlbemarle
4%
Virginia VAAlleghany
4%
Virginia VAAmelia
4%
Virginia VAAmherst
4%
Virginia VAAppomattox
4%
Virginia VAAugusta
4%
Virginia VABath
4%
Virginia VABedford
4%
Virginia VABland
4%
Virginia VABotetourt
4%
Virginia VABrunswick
4%
Virginia VABuchanan
4%
Virginia VABuckingham
4%
Virginia VABuena Vista
4%
Virginia VACampbell
4%
Virginia VACaroline
4%
Virginia VACarroll
4%
Virginia VACharlesCity
4%
Virginia VAChesapeake
4%
Virginia VAChesterfield
4%
Virginia VAColonialHeights
4%
Virginia VACovington
4%
Virginia VACulpeper
4%
Virginia VACumberland
4%
Virginia VADanville
4%
Virginia VADickenson
4%
Virginia VADinwiddie
4%
Virginia VAFauquier
4%
Virginia VAFloyd
4%
Virginia VAFluvanna
4%
Virginia VAFranklin
4%
Virginia VAFredericksburg
4%
Virginia VAFrederick
4%
Virginia VAGiles
4%
Virginia VAGloucester
4%
Virginia VAGreene
4%
Virginia VAGreensville
4%
Virginia VAHalifax
4%
Virginia VAHampton
4%
Virginia VAHanover
4%
Virginia VAHarrisonburg
4%
Virginia VAHenry
4%
Virginia VAHighland
4%
Virginia VAHopewell
4%
Virginia VAIsleofWight
4%
Virginia VAJamesCity
4%
Virginia VAKingandQueen
4%
Virginia VAKingGeorge
4%
Virginia VAKingWilliam
4%
Virginia VALancaster
4%
Virginia VALee
4%
Virginia VALexington
4%
Virginia VALouisa
4%
Virginia VALunenburg
4%
Virginia VAMadison
4%
Virginia VAManassasPark
4%
Virginia VAMartinsville
4%
Virginia VAMathews
4%
Virginia VAMecklenburg
4%
Virginia VAMiddlesex
4%
Virginia VAMontgomery
4%
Virginia VANelson
4%
Virginia VANorthumberland
4%
Virginia VANorton
4%
Virginia VANottoway
4%
Virginia VAPage
4%
Virginia VAPatrick
4%
Virginia VAPetersburg
4%
Virginia VAPittsylvania
4%
Virginia VAPoquoson
4%
Virginia VAPortsmouth
4%
Virginia VAPrinceEdward
4%
Virginia VAPrinceGeorge
4%
Virginia VAPrinceWilliam
4%
Virginia VAPulaski
4%
Virginia VARadford
4%
Virginia VARappahannock
4%
Virginia VARockbridge
4%
Virginia VARockingham
4%
Virginia VARussell
4%
Virginia VAScott
4%
Virginia VAShenandoah
4%
Virginia VASmyth
4%
Virginia VASouthampton
4%
Virginia VASpotsylvania
4%
Virginia VAStafford
4%
Virginia VASurry
4%
Virginia VASussex
4%
Virginia VATazewell
4%
Virginia VAWashington
4%
Virginia VAWaynesboro
4%
Virginia VAWestmoreland
4%
Virginia VAWilliamsburg
4%
Virginia VAWise
4%
Virginia VAWythe
4%
Virginia VAYork
4%
Vermont VTEssex
4%
Vermont VTOrange
4%
Vermont VTOrleans
4%
Washington WAChelan
4%
Washington WAClark
4%
Washington WAYakima
4%
Wisconsin WIAshland
4%
Wisconsin WIDane
4%
Wisconsin WIDoor
4%
Wisconsin WIEauClaire
4%
Wisconsin WILaCrosse
4%
Wisconsin WIMenominee
4%
Wisconsin WIOzaukee
4%
Wisconsin WIPepin
4%
Wisconsin WISheboygan
4%
Wisconsin WITrempealeau
4%
Wisconsin WIWashington
4%
Wisconsin WIWaukesha
4%
Wisconsin WIWood
4%
West Virginia WVBarbour
4%
West Virginia WVBerkeley
4%
West Virginia WVBoone
4%
West Virginia WVBraxton
4%
West Virginia WVBrooke
4%
West Virginia WVCabell
4%
West Virginia WVCalhoun
4%
West Virginia WVClay
4%
West Virginia WVDoddridge
4%
West Virginia WVFayette
4%
West Virginia WVGilmer
4%
West Virginia WVGrant
4%
West Virginia WVGreenbrier
4%
West Virginia WVHampshire
4%
West Virginia WVHardy
4%
West Virginia WVHarrison
4%
West Virginia WVJefferson
4%
West Virginia WVLewis
4%
West Virginia WVLincoln
4%
West Virginia WVMarion
4%
West Virginia WVMarshall
4%
West Virginia WVMason
4%
West Virginia WVMcDowell
4%
West Virginia WVMercer
4%
West Virginia WVMonroe
4%
West Virginia WVMorgan
4%
West Virginia WVNicholas
4%
West Virginia WVOhio
4%
West Virginia WVPendleton
4%
West Virginia WVPleasants
4%
West Virginia WVPocahontas
4%
West Virginia WVPutnam
4%
West Virginia WVRandolph
4%
West Virginia WVRitchie
4%
West Virginia WVRoane
4%
West Virginia WVSummers
4%
West Virginia WVTaylor
4%
West Virginia WVTucker
4%
West Virginia WVTyler
4%
West Virginia WVUpshur
4%
West Virginia WVWayne
4%
West Virginia WVWebster
4%
West Virginia WVWetzel
4%
West Virginia WVWirt
4%
West Virginia WVWyoming
4%
Wyoming WYCarbon
4%
Wyoming WYCrook
4%
Wyoming WYFremont
4%
Wyoming WYGoshen
4%
Wyoming WYJohnson
4%
Wyoming WYLaramie
4%
Wyoming WYLincoln
4%
Wyoming WYNatrona
4%
Wyoming WYPark
4%
Wyoming WYSheridan
4%
Wyoming WYUinta
4%
Wyoming WYWashakie
4%
Alaska AKBristolBay
0%
Alaska AKChugach
0%
Alaska AKCopperRiver
0%
Alaska AKDillingham
0%
Alaska AKHoonahAngoon
0%
Alaska AKKenaiPeninsula
0%
Alaska AKKetchikanGateway
0%
Alaska AKKodiak Island
0%
Alaska AKKusilvak
0%
Alaska AKLakeandPeninsula
0%
Alaska AKMatanuska-Susitna
0%
Alaska AKNorthwestArctic
0%
Alaska AKPrince of WalesHyder
0%
Alaska AKSitka
0%
Alaska AKSoutheast Fairbanks
0%
Alaska AKWrangell
0%
Alabama ALAutauga
0%
Alabama ALBaldwin
0%
Alabama ALBarbour
0%
Alabama ALBibb
0%
Alabama ALBlount
0%
Alabama ALBullock
0%
Alabama ALButler
0%
Alabama ALCalhoun
0%
Alabama ALChambers
0%
Alabama ALCherokee
0%
Alabama ALChilton
0%
Alabama ALChoctaw
0%
Alabama ALClarke
0%
Alabama ALClay
0%
Alabama ALCleburne
0%
Alabama ALColbert
0%
Alabama ALConecuh
0%
Alabama ALCoosa
0%
Alabama ALCovington
0%
Alabama ALCrenshaw
0%
Alabama ALCullman
0%
Alabama ALDale
0%
Alabama ALDallas
0%
Alabama ALDeKalb
0%
Alabama ALElmore
0%
Alabama ALEscambia
0%
Alabama ALEtowah
0%
Alabama ALFayette
0%
Alabama ALFranklin
0%
Alabama ALGeneva
0%
Alabama ALGreene
0%
Alabama ALHale
0%
Alabama ALHenry
0%
Alabama ALHouston
0%
Alabama ALLamar
0%
Alabama ALLauderdale
0%
Alabama ALLawrence
0%
Alabama ALLee
0%
Alabama ALLimestone
0%
Alabama ALLowndes
0%
Alabama ALMacon
0%
Alabama ALMadison
0%
Alabama ALMarengo
0%
Alabama ALMarion
0%
Alabama ALMarshall
0%
Alabama ALMobile
0%
Alabama ALMonroe
0%
Alabama ALMontgomery
0%
Alabama ALMorgan
0%
Alabama ALPerry
0%
Alabama ALPickens
0%
Alabama ALPike
0%
Alabama ALRandolph
0%
Alabama ALRussell
0%
Alabama ALShelby
0%
Alabama ALSt.Clair
0%
Alabama ALSumter
0%
Alabama ALTallapoosa
0%
Alabama ALTuscaloosa
0%
Alabama ALWalker
0%
Alabama ALWashington
0%
Alabama ALWilcox
0%
Alabama ALWinston
0%
Arkansas ARArkansas
0%
Arkansas ARAshley
0%
Arkansas ARBaxter
0%
Arkansas ARBoone
0%
Arkansas ARBradley
0%
Arkansas ARCalhoun
0%
Arkansas ARCarroll
0%
Arkansas ARChicot
0%
Arkansas ARClark
0%
Arkansas ARClay
0%
Arkansas ARCleburne
0%
Arkansas ARCleveland
0%
Arkansas ARColumbia
0%
Arkansas ARConway
0%
Arkansas ARCraighead
0%
Arkansas ARCrawford
0%
Arkansas ARCrittenden
0%
Arkansas ARCross
0%
Arkansas ARDallas
0%
Arkansas ARDesha
0%
Arkansas ARDrew
0%
Arkansas ARFaulkner
0%
Arkansas ARFranklin
0%
Arkansas ARFulton
0%
Arkansas ARGarland
0%
Arkansas ARGrant
0%
Arkansas ARGreene
0%
Arkansas ARHempstead
0%
Arkansas ARHotSpring
0%
Arkansas ARHoward
0%
Arkansas ARIndependence
0%
Arkansas ARIzard
0%
Arkansas ARJackson
0%
Arkansas ARJefferson
0%
Arkansas ARJohnson
0%
Arkansas ARLafayette
0%
Arkansas ARLawrence
0%
Arkansas ARLee
0%
Arkansas ARLincoln
0%
Arkansas ARLittleRiver
0%
Arkansas ARLogan
0%
Arkansas ARLonoke
0%
Arkansas ARMadison
0%
Arkansas ARMarion
0%
Arkansas ARMiller
0%
Arkansas ARMississippi
0%
Arkansas ARMonroe
0%
Arkansas ARMontgomery
0%
Arkansas ARNevada
0%
Arkansas ARNewton
0%
Arkansas AROuachita
0%
Arkansas ARPerry
0%
Arkansas ARPhillips
0%
Arkansas ARPike
0%
Arkansas ARPoinsett
0%
Arkansas ARPolk
0%
Arkansas ARPope
0%
Arkansas ARPrairie
0%
Arkansas ARRandolph
0%
Arkansas ARSaline
0%
Arkansas ARScott
0%
Arkansas ARSearcy
0%
Arkansas ARSebastian
0%
Arkansas ARSevier
0%
Arkansas ARSharp
0%
Arkansas ARSt.Francis
0%
Arkansas ARStone
0%
Arkansas ARUnion
0%
Arkansas ARVanBuren
0%
Arkansas ARWashington
0%
Arkansas ARWhite
0%
Arkansas ARWoodruff
0%
Arkansas ARYell
0%
Colorado COAlamosa
0%
Colorado COArapahoe
0%
Colorado COArchuleta
0%
Colorado COBaca
0%
Colorado COBent
0%
Colorado COBoulder
0%
Colorado COBroomfield
0%
Colorado COChaffee
0%
Colorado COCheyenne
0%
Colorado COClearCreek
0%
Colorado COConejos
0%
Colorado COCostilla
0%
Colorado COCrowley
0%
Colorado COCuster
0%
Colorado CODelta
0%
Colorado CODolores
0%
Colorado CODouglas
0%
Colorado COEagle
0%
Colorado COElbert
0%
Colorado COFremont
0%
Colorado COGarfield
0%
Colorado COGilpin
0%
Colorado COGrand
0%
Colorado COGunnison
0%
Colorado COHinsdale
0%
Colorado COHuerfano
0%
Colorado COJackson
0%
Colorado COKiowa
0%
Colorado COKitCarson
0%
Colorado COLake
0%
Colorado COLaPlata
0%
Colorado COLarimer
0%
Colorado COLasAnimas
0%
Colorado COLincoln
0%
Colorado COLogan
0%
Colorado COMesa
0%
Colorado COMineral
0%
Colorado COMoffat
0%
Colorado COMontezuma
0%
Colorado COMontrose
0%
Colorado COMorgan
0%
Colorado COOtero
0%
Colorado COOuray
0%
Colorado COPark
0%
Colorado COPhillips
0%
Colorado COPitkin
0%
Colorado COProwers
0%
Colorado CORioBlanco
0%
Colorado CORioGrande
0%
Colorado CORoutt
0%
Colorado COSaguache
0%
Colorado COSanMiguel
0%
Colorado COSan uan
0%
Colorado COSedgwick
0%
Colorado COSummit
0%
Colorado COTeller
0%
Colorado COWashington
0%
Colorado COWeld
0%
Colorado COYuma
0%
Connecticut CTFairfield
0%
Connecticut CTLitchfield
0%
Connecticut CTMiddlesex
0%
Connecticut CTTolland
0%
Connecticut CTWindham
0%
Florida FLAlachua
0%
Florida FLBaker
0%
Florida FLBradford
0%
Florida FLCalhoun
0%
Florida FLCharlotte
0%
Florida FLCitrus
0%
Florida FLClay
0%
Florida FLCollier
0%
Florida FLColumbia
0%
Florida FLDeSoto
0%
Florida FLEscambia
0%
Florida FLFranklin
0%
Florida FLGilchrist
0%
Florida FLGlades
0%
Florida FLGul
0%
Florida FLHamilton
0%
Florida FLHardee
0%
Florida FLHendry
0%
Florida FLHernando
0%
Florida FLHighlands
0%
Florida FLHolmes
0%
Florida FLLafayette
0%
Florida FLLee
0%
Florida FLLeon
0%
Florida FLLevy
0%
Florida FLLiberty
0%
Florida FLMadison
0%
Florida FLManatee
0%
Florida FLMarion
0%
Florida FLMartin
0%
Florida FLNassau
0%
Florida FLOkaloosa
0%
Florida FLPasco
0%
Florida FLPolk
0%
Florida FLPutnam
0%
Florida FLSantaRosa
0%
Florida FLSt.Johns
0%
Florida FLSumter
0%
Florida FLSuwannee
0%
Florida FLTaylor
0%
Florida FLUnion
0%
Florida FLWakulla
0%
Florida FLWalton
0%
Georgia GAAppling
0%
Georgia GAAtkinson
0%
Georgia GABacon
0%
Georgia GABaker
0%
Georgia GABaldwin
0%
Georgia GABanks
0%
Georgia GABarrow
0%
Georgia GABartow
0%
Georgia GABenHill
0%
Georgia GABerrien
0%
Georgia GABibb
0%
Georgia GABleckley
0%
Georgia GABrantley
0%
Georgia GABrooks
0%
Georgia GABryan
0%
Georgia GABulloch
0%
Georgia GABurke
0%
Georgia GAButts
0%
Georgia GACalhoun
0%
Georgia GACamden
0%
Georgia GACandler
0%
Georgia GACarroll
0%
Georgia GACatoosa
0%
Georgia GACharlton
0%
Georgia GAChatham
0%
Georgia GAChattahoochee
0%
Georgia GAChattooga
0%
Georgia GAClay
0%
Georgia GAClayton
0%
Georgia GAClinch
0%
Georgia GACoffee
0%
Georgia GAColquitt
0%
Georgia GAColumbia
0%
Georgia GACoweta
0%
Georgia GACrawford
0%
Georgia GACrisp
0%
Georgia GADade
0%
Georgia GADawson
0%
Georgia GADecatur
0%
Georgia GADodge
0%
Georgia GADooly
0%
Georgia GADougherty
0%
Georgia GAEarly
0%
Georgia GAEchols
0%
Georgia GAEffingham
0%
Georgia GAElbert
0%
Georgia GAEmanuel
0%
Georgia GAEvans
0%
Georgia GAFannin
0%
Georgia GAFloyd
0%
Georgia GAForsyth
0%
Georgia GAFranklin
0%
Georgia GAGilmer
0%
Georgia GAGlascock
0%
Georgia GAGlynn
0%
Georgia GAGordon
0%
Georgia GAGrady
0%
Georgia GAGreene
0%
Georgia GAHabersham
0%
Georgia GAHancock
0%
Georgia GAHaralson
0%
Georgia GAHarris
0%
Georgia GAHart
0%
Georgia GAHeard
0%
Georgia GAHouston
0%
Georgia GAIrwin
0%
Georgia GAJasper
0%
Georgia GAJeffDavis
0%
Georgia GAJefferson
0%
Georgia GAJenkins
0%
Georgia GAJohnson
0%
Georgia GAJones
0%
Georgia GALamar
0%
Georgia GALanier
0%
Georgia GALaurens
0%
Georgia GALee
0%
Georgia GALiberty
0%
Georgia GALong
0%
Georgia GALumpkin
0%
Georgia GAMacon
0%
Georgia GAMadison
0%
Georgia GAMarion
0%
Georgia GAMcDuffie
0%
Georgia GAMcIntosh
0%
Georgia GAMeriwether
0%
Georgia GAMiller
0%
Georgia GAMitchell
0%
Georgia GAMonroe
0%
Georgia GAMontgomery
0%
Georgia GAMorgan
0%
Georgia GAMurray
0%
Georgia GAMuscogee
0%
Georgia GANewton
0%
Georgia GAOconee
0%
Georgia GAOglethorpe
0%
Georgia GAPeach
0%
Georgia GAPickens
0%
Georgia GAPierce
0%
Georgia GAPike
0%
Georgia GAPolk
0%
Georgia GAPulaski
0%
Georgia GAPutnam
0%
Georgia GAQuitman
0%
Georgia GARabun
0%
Georgia GARandolph
0%
Georgia GARichmond
0%
Georgia GARockdale
0%
Georgia GASchley
0%
Georgia GAScreven
0%
Georgia GASeminole
0%
Georgia GASpalding
0%
Georgia GAStephens
0%
Georgia GAStewart
0%
Georgia GASumter
0%
Georgia GATalbot
0%
Georgia GATaliaferro
0%
Georgia GATattnall
0%
Georgia GATelfair
0%
Georgia GATerrell
0%
Georgia GAThomas
0%
Georgia GATift
0%
Georgia GAToombs
0%
Georgia GATowns
0%
Georgia GATreutlen
0%
Georgia GATroup
0%
Georgia GATwiggs
0%
Georgia GAUnion
0%
Georgia GAUpson
0%
Georgia GAWalker
0%
Georgia GAWalton
0%
Georgia GAWare
0%
Georgia GAWarren
0%
Georgia GAWashington
0%
Georgia GAWayne
0%
Georgia GAWebster
0%
Georgia GAWheeler
0%
Georgia GAWhite
0%
Georgia GAWhitfield
0%
Georgia GAWilcox
0%
Georgia GAWilkes
0%
Georgia GAWilkinson
0%
Georgia GAWorth
0%
Hawaii HIKalawao
0%
Hawaii HIKauai
0%
Iowa IAAdair
0%
Iowa IAAdams
0%
Iowa IAAllamakee
0%
Iowa IAAppanoose
0%
Iowa IAAudubon
0%
Iowa IABenton
0%
Iowa IABlackHawk
0%
Iowa IABoone
0%
Iowa IABremer
0%
Iowa IABuchanan
0%
Iowa IABuenaVista
0%
Iowa IAButler
0%
Iowa IACalhoun
0%
Iowa IACarroll
0%
Iowa IACass
0%
Iowa IACedar
0%
Iowa IACerroGordo
0%
Iowa IACherokee
0%
Iowa IAChickasaw
0%
Iowa IAClarke
0%
Iowa IAClay
0%
Iowa IAClayton
0%
Iowa IAClinton
0%
Iowa IACrawford
0%
Iowa IADavis
0%
Iowa IADecatur
0%
Iowa IADelaware
0%
Iowa IADickinson
0%
Iowa IAEmmet
0%
Iowa IAFayette
0%
Iowa IAFloyd
0%
Iowa IAFranklin
0%
Iowa IAFremont
0%
Iowa IAGreene
0%
Iowa IAGrundy
0%
Iowa IAGuthrie
0%
Iowa IAHamilton
0%
Iowa IAHancock
0%
Iowa IAHardin
0%
Iowa IAHarrison
0%
Iowa IAHenry
0%
Iowa IAHoward
0%
Iowa IAHumboldt
0%
Iowa IAIda
0%
Iowa IAIowa
0%
Iowa IAJackson
0%
Iowa IAJasper
0%
Iowa IAJefferson
0%
Iowa IAJones
0%
Iowa IAKeokuk
0%
Iowa IALee
0%
Iowa IALinn
0%
Iowa IALouisa
0%
Iowa IALyon
0%
Iowa IAMadison
0%
Iowa IAMahaska
0%
Iowa IAMarion
0%
Iowa IAMarshall
0%
Iowa IAMills
0%
Iowa IAMitchell
0%
Iowa IAMonona
0%
Iowa IAMonroe
0%
Iowa IAMontgomery
0%
Iowa IAMuscatine
0%
Iowa IAO'Brien
0%
Iowa IAOsceola
0%
Iowa IAPage
0%
Iowa IAPaloAlto
0%
Iowa IAPlymouth
0%
Iowa IAPocahontas
0%
Iowa IAPottawattamie
0%
Iowa IAPoweshiek
0%
Iowa IARinggold
0%
Iowa IASac
0%
Iowa IAShelby
0%
Iowa IASioux
0%
Iowa IAStory
0%
Iowa IATama
0%
Iowa IATaylor
0%
Iowa IAUnion
0%
Iowa IAVanBuren
0%
Iowa IAWapello
0%
Iowa IAWarren
0%
Iowa IAWashington
0%
Iowa IAWayne
0%
Iowa IAWebster
0%
Iowa IAWinnebago
0%
Iowa IAWinneshiek
0%
Iowa IAWoodbury
0%
Iowa IAWorth
0%
Iowa IAWright
0%
Idaho IDAdams
0%
Idaho IDAda
0%
Idaho IDBannock
0%
Idaho IDBearLake
0%
Idaho IDBenewah
0%
Idaho IDBingham
0%
Idaho IDBlaine
0%
Idaho IDBonneville
0%
Idaho IDButte
0%
Idaho IDCamas
0%
Idaho IDCanyon
0%
Idaho IDCaribou
0%
Idaho IDCassia
0%
Idaho IDClark
0%
Idaho IDClearwater
0%
Idaho IDCuster
0%
Idaho IDElmore
0%
Idaho IDFranklin
0%
Idaho IDFremont
0%
Idaho IDGem
0%
Idaho IDGooding
0%
Idaho IDJerome
0%
Idaho IDKootenai
0%
Idaho IDLatah
0%
Idaho IDLemhi
0%
Idaho IDLewis
0%
Idaho IDLincoln
0%
Idaho IDMadison
0%
Idaho IDMinidoka
0%
Idaho IDNezPerce
0%
Idaho IDOneida
0%
Idaho IDPayette
0%
Idaho IDPower
0%
Idaho IDShoshone
0%
Idaho IDTwinFalls
0%
Idaho IDValley
0%
Idaho IDWashington
0%
Illinois ILAdams
0%
Illinois ILAlexander
0%
Illinois ILBond
0%
Illinois ILBoone
0%
Illinois ILBrown
0%
Illinois ILBureau
0%
Illinois ILCalhoun
0%
Illinois ILCarroll
0%
Illinois ILCass
0%
Illinois ILChristian
0%
Illinois ILClark
0%
Illinois ILClay
0%
Illinois ILClinton
0%
Illinois ILColes
0%
Illinois ILCrawford
0%
Illinois ILCumberland
0%
Illinois ILDeWitt
0%
Illinois ILDouglas
0%
Illinois ILEdgar
0%
Illinois ILEdwards
0%
Illinois ILEffingham
0%
Illinois ILFayette
0%
Illinois ILFord
0%
Illinois ILFranklin
0%
Illinois ILFulton
0%
Illinois ILGallatin
0%
Illinois ILGreene
0%
Illinois ILGrundy
0%
Illinois ILHamilton
0%
Illinois ILHancock
0%
Illinois ILHardin
0%
Illinois ILHenderson
0%
Illinois ILHenry
0%
Illinois ILIroquois
0%
Illinois ILJasper
0%
Illinois ILJefferson
0%
Illinois ILJersey
0%
Illinois ILJoDaviess
0%
Illinois ILJohnson
0%
Illinois ILKane
0%
Illinois ILKankakee
0%
Illinois ILKendall
0%
Illinois ILKnox
0%
Illinois ILLaSalle
0%
Illinois ILLawrence
0%
Illinois ILLee
0%
Illinois ILLivingston
0%
Illinois ILLogan
0%
Illinois ILMacon
0%
Illinois ILMacoupin
0%
Illinois ILMadison
0%
Illinois ILMarion
0%
Illinois ILMarshall
0%
Illinois ILMason
0%
Illinois ILMassac
0%
Illinois ILMcDonough
0%
Illinois ILMcHenry
0%
Illinois ILMcLean
0%
Illinois ILMenard
0%
Illinois ILMercer
0%
Illinois ILMonroe
0%
Illinois ILMontgomery
0%
Illinois ILMorgan
0%
Illinois ILMoultrie
0%
Illinois ILOgle
0%
Illinois ILPeoria
0%
Illinois ILPerry
0%
Illinois ILPiatt
0%
Illinois ILPike
0%
Illinois ILPope
0%
Illinois ILPulaski
0%
Illinois ILPutnam
0%
Illinois ILRandolph
0%
Illinois ILRichland
0%
Illinois ILRockIsland
0%
Illinois ILSaline
0%
Illinois ILSangamon
0%
Illinois ILSchuyler
0%
Illinois ILScott
0%
Illinois ILShelby
0%
Illinois ILStark
0%
Illinois ILSt.Clair
0%
Illinois ILStephenson
0%
Illinois ILTazewell
0%
Illinois ILUnion
0%
Illinois ILVermilion
0%
Illinois ILWabash
0%
Illinois ILWarren
0%
Illinois ILWashington
0%
Illinois ILWayne
0%
Illinois ILWhiteside
0%
Illinois ILWhite
0%
Illinois ILWilliamson
0%
Illinois ILWinnebago
0%
Illinois ILWoodford
0%
Indiana INAdams
0%
Indiana INBartholomew
0%
Indiana INBenton
0%
Indiana INBoone
0%
Indiana INBrown
0%
Indiana INCarroll
0%
Indiana INCass
0%
Indiana INClay
0%
Indiana INClinton
0%
Indiana INCrawford
0%
Indiana INDaviess
0%
Indiana INDearborn
0%
Indiana INDecatur
0%
Indiana INDeKalb
0%
Indiana INDelaware
0%
Indiana INDubois
0%
Indiana INFayette
0%
Indiana INFloyd
0%
Indiana INFountain
0%
Indiana INFranklin
0%
Indiana INFulton
0%
Indiana INGibson
0%
Indiana INGrant
0%
Indiana INHamilton
0%
Indiana INHarrison
0%
Indiana INHendricks
0%
Indiana INHoward
0%
Indiana INHuntington
0%
Indiana INJasper
0%
Indiana INJay
0%
Indiana INJennings
0%
Indiana INJohnson
0%
Indiana INKnox
0%
Indiana INLaGrange
0%
Indiana INLawrence
0%
Indiana INMarshall
0%
Indiana INMartin
0%
Indiana INMiami
0%
Indiana INMonroe
0%
Indiana INMontgomery
0%
Indiana INMorgan
0%
Indiana INNewton
0%
Indiana INNoble
0%
Indiana INOhio
0%
Indiana INOwen
0%
Indiana INParke
0%
Indiana INPerry
0%
Indiana INPike
0%
Indiana INPorter
0%
Indiana INPulaski
0%
Indiana INPutnam
0%
Indiana INRandolph
0%
Indiana INRipley
0%
Indiana INRush
0%
Indiana INScott
0%
Indiana INShelby
0%
Indiana INSpencer
0%
Indiana INStarke
0%
Indiana INSt.Joseph
0%
Indiana INSullivan
0%
Indiana INTippecanoe
0%
Indiana INTipton
0%
Indiana INUnion
0%
Indiana INVanderburgh
0%
Indiana INVermillion
0%
Indiana INVigo
0%
Indiana INWarren
0%
Indiana INWarrick
0%
Indiana INWayne
0%
Indiana INWells
0%
Indiana INWhite
0%
Indiana INWhitley
0%
Kansas KSAllen
0%
Kansas KSAnderson
0%
Kansas KSAtchison
0%
Kansas KSBarber
0%
Kansas KSBarton
0%
Kansas KSBourbon
0%
Kansas KSBrown
0%
Kansas KSButler
0%
Kansas KSChase
0%
Kansas KSChautauqua
0%
Kansas KSCherokee
0%
Kansas KSCheyenne
0%
Kansas KSClark
0%
Kansas KSClay
0%
Kansas KSCloud
0%
Kansas KSCoffey
0%
Kansas KSComanche
0%
Kansas KSCowley
0%
Kansas KSCrawford
0%
Kansas KSDecatur
0%
Kansas KSDickinson
0%
Kansas KSDoniphan
0%
Kansas KSDouglas
0%
Kansas KSEdwards
0%
Kansas KSElk
0%
Kansas KSEllis
0%
Kansas KSEllsworth
0%
Kansas KSFinney
0%
Kansas kSFord
0%
Kansas KSFranklin
0%
Kansas KSGeary
0%
Kansas KSGove
0%
Kansas KSGraham
0%
Kansas KSGrant
0%
Kansas KSGray
0%
Kansas KSGreeley
0%
Kansas KSGreenwood
0%
Kansas KSHamilton
0%
Kansas KSHarper
0%
Kansas KSHarvey
0%
Kansas KSHaskell
0%
Kansas KSHodgeman
0%
Kansas KSJefferson
0%
Kansas KSJewell
0%
Kansas KSJohnson
0%
Kansas KSKearny
0%
Kansas KSKingman
0%
Kansas KSKiowa
0%
Kansas KSLabette
0%
Kansas KSLane
0%
Kansas KSLeavenworth
0%
Kansas KSLincoln
0%
Kansas KSLinn
0%
Kansas KSLogan
0%
Kansas KSLyon
0%
Kansas KSMarion
0%
Kansas KSMarshall
0%
Kansas KSMcPherson
0%
Kansas KSMeade
0%
Kansas KSMiami
0%
Kansas KSMitchell
0%
Kansas KSMontgomery
0%
Kansas KSMorris
0%
Kansas KSMorton
0%
Kansas KSNemaha
0%
Kansas KSNeosho
0%
Kansas KSNess
0%
Kansas KSNorton
0%
Kansas KSOsage
0%
Kansas KSOsborne
0%
Kansas KSOttawa
0%
Kansas KSPawnee
0%
Kansas KSPhillips
0%
Kansas KSPottawatomie
0%
Kansas KSPratt
0%
Kansas KSRawlins
0%
Kansas KSReno
0%
Kansas KSRepublic
0%
Kansas KSRice
0%
Kansas KSRiley
0%
Kansas KSRooks
0%
Kansas KSRush
0%
Kansas KSRussell
0%
Kansas KSSaline
0%
Kansas KSScott
0%
Kansas KSSedgwick
0%
Kansas KSSeward
0%
Kansas KSShawnee
0%
Kansas KSSheridan
0%
Kansas KSSherman
0%
Kansas KSSmith
0%
Kansas KSStafford
0%
Kansas KSStanton
0%
Kansas KSStevens
0%
Kansas KSSumner
0%
Kansas KSThomas
0%
Kansas KSTrego
0%
Kansas KSWabaunsee
0%
Kansas KSWallace
0%
Kansas KSWashington
0%
Kansas KSWilson
0%
Kansas KSWoodson
0%
Kansas KSWyandotte
0%
Kentucky KYAdair
0%
Kentucky KYAllen
0%
Kentucky KYAnderson
0%
Kentucky KYBallard
0%
Kentucky KYBarren
0%
Kentucky KYBath
0%
Kentucky KYBell
0%
Kentucky KYBoone
0%
Kentucky KYBourbon
0%
Kentucky KYBoyd
0%
Kentucky KYBoyle
0%
Kentucky KYBracken
0%
Kentucky KYBreathitt
0%
Kentucky KYBreckinridge
0%
Kentucky KYBullitt
0%
Kentucky KYButler
0%
Kentucky KYCaldwell
0%
Kentucky KYCalloway
0%
Kentucky KYCampbell
0%
Kentucky KYCarlisle
0%
Kentucky KYCarroll
0%
Kentucky KYCarter
0%
Kentucky KYCasey
0%
Kentucky KYChristian
0%
Kentucky KYClark
0%
Kentucky KYClay
0%
Kentucky KYClinton
0%
Kentucky KYCrittenden
0%
Kentucky KYCumberland
0%
Kentucky KYDaviess
0%
Kentucky KYEdmonson
0%
Kentucky KYElliott
0%
Kentucky KYEstill
0%
Kentucky KYFayette
0%
Kentucky KYFleming
0%
Kentucky KYFloyd
0%
Kentucky KYFranklin
0%
Kentucky KYFulton
0%
Kentucky KYGallatin
0%
Kentucky KYGarrard
0%
Kentucky KYGrant
0%
Kentucky KYGraves
0%
Kentucky KYGrayson
0%
Kentucky KYGreen
0%
Kentucky KYGreenup
0%
Kentucky KYHancock
0%
Kentucky KYHardin
0%
Kentucky KYHarlan
0%
Kentucky KYHarrison
0%
Kentucky KYHart
0%
Kentucky KYHenderson
0%
Kentucky KYHenry
0%
Kentucky KYHickman
0%
Kentucky KYHopkins
0%
Kentucky KYJefferson
0%
Kentucky KYJessamine
0%
Kentucky KYJohnson
0%
Kentucky KYKenton
0%
Kentucky KYKnott
0%
Kentucky KYKnox
0%
Kentucky KYLaRue
0%
Kentucky KYLaurel
0%
Kentucky KYLawrence
0%
Kentucky KYLee
0%
Kentucky KYLeslie
0%
Kentucky KYLetcher
0%
Kentucky KYLewis
0%
Kentucky KYLincoln
0%
Kentucky KYLivingston
0%
Kentucky KYLogan
0%
Kentucky KYLyon
0%
Kentucky KYMadison
0%
Kentucky KYMagoffin
0%
Kentucky KYMarion
0%
Kentucky KYMarshall
0%
Kentucky KYMartin
0%
Kentucky KYMason
0%
Kentucky KYMcCracken
0%
Kentucky KYMcCreary
0%
Kentucky KYMcLean
0%
Kentucky KYMeade
0%
Kentucky KYMenifee
0%
Kentucky KYMercer
0%
Kentucky KYMetcalfe
0%
Kentucky KYMonroe
0%
Kentucky KYMontgomery
0%
Kentucky KYMorgan
0%
Kentucky KYMuhlenberg
0%
Kentucky KYNelson
0%
Kentucky KYNicholas
0%
Kentucky KYOhio
0%
Kentucky KYOldham
0%
Kentucky KYOwen
0%
Kentucky KYOwsley
0%
Kentucky KYPendleton
0%
Kentucky KYPerry
0%
Kentucky KYPowell
0%
Kentucky KYPulaski
0%
Kentucky KYRobertson
0%
Kentucky KYRockcastle
0%
Kentucky KYRowan
0%
Kentucky KYRussell
0%
Kentucky KYScott
0%
Kentucky KYShelby
0%
Kentucky KYSimpson
0%
Kentucky KYSpencer
0%
Kentucky KYTaylor
0%
Kentucky KYTodd
0%
Kentucky KYTrigg
0%
Kentucky KYTrimble
0%
Kentucky KYUnion
0%
Kentucky KYWarren
0%
Kentucky KYWashington
0%
Kentucky KYWayne
0%
Kentucky KYWebster
0%
Kentucky KYWhitley
0%
Kentucky KYWolfe
0%
Kentucky KYWoodford
0%
Louisiana LAAcadia
0%
Louisiana LAAllen
0%
Louisiana LAAscension
0%
Louisiana LAAssumption
0%
Louisiana LAAvoyelles
0%
Louisiana LABeauregard
0%
Louisiana LABienville
0%
Louisiana LABossier
0%
Louisiana LACaddo
0%
Louisiana LACalcasieu
0%
Louisiana LACaldwell
0%
Louisiana LACameron
0%
Louisiana LACatahoula
0%
Louisiana LAClaiborne
0%
Louisiana LADeSoto
0%
Louisiana LAEastBatonRouge
0%
Louisiana LAEast Carroll
0%
Louisiana LAEast Feliciana
0%
Louisiana LAEvangeline
0%
Louisiana LAFranklin
0%
Louisiana LAGrant
0%
Louisiana LAIberia
0%
Louisiana LAIberville
0%
Louisiana LAJackson
0%
Louisiana LAJeffersonDavis
0%
Louisiana LAJefferson
0%
Louisiana LALafayette
0%
Louisiana LALafourche
0%
Louisiana LALaSalle
0%
Louisiana LALincoln
0%
Louisiana LALivingston
0%
Louisiana LAMadison
0%
Louisiana LAMorehouse
0%
Louisiana LANatchitoches
0%
Louisiana LAOuachita
0%
Louisiana LAPlaquemines
0%
Louisiana LAPointeCoupee
0%
Louisiana LARapides
0%
Louisiana LARed River
0%
Louisiana LASabine
0%
Louisiana LASt.Bernard
0%
Louisiana LASt.Charles
0%
Louisiana LASt.Helena
0%
Louisiana LASt.James
0%
Louisiana LASt.JohntheBaptist
0%
Louisiana LASt.Landry
0%
Louisiana LASt.Martin
0%
Louisiana LASt.Mary
0%
Louisiana LATangipahoa
0%
Louisiana LATensas
0%
Louisiana LATerrebonne
0%
Louisiana LAUnion
0%
Louisiana LAVermilion
0%
Louisiana LAVernon
0%
Louisiana LAWashington
0%
Louisiana LAWestBatonRouge
0%
Louisiana LAWestCarroll
0%
Louisiana LAWestFeliciana
0%
Louisiana LAWinn
0%
Massachusetts MABerkshire
0%
Massachusetts MABristol
0%
Massachusetts MADukes
0%
Massachusetts MAFranklin
0%
Massachusetts MAHampden
0%
Massachusetts MAHampshire
0%
Massachusetts MAMiddlesex
0%
Maryland MDAllegany
0%
Maryland MDAnneArundel
0%
Maryland MDCalvert
0%
Maryland MDCaroline
0%
Maryland MDCecil
0%
Maryland MDCharles
0%
Maryland MDDorchester
0%
Maryland MDGarrett
0%
Maryland MDHarford
0%
Maryland MDHoward
0%
Maryland MDPrinceGeorge's
0%
Maryland MDSomerset
0%
Maryland MDSt.Mary's
0%
Maryland MDTalbot
0%
Maryland MDWicomico
0%
Maryland MDWorcester
0%
Maine MEAndroscoggin
0%
Maine MEFranklin
0%
Maine MEKennebec
0%
Maine MEKnox
0%
Maine MEOxford
0%
Maine MEPenobscot
0%
Maine MEPiscataquis
0%
Maine MESagadahoc
0%
Maine MESomerset
0%
Minnesota MNAitkin
0%
Minnesota MNAnoka
0%
Minnesota MNBecker
0%
Minnesota MNBeltrami
0%
Minnesota MNBenton
0%
Minnesota MNBigStone
0%
Minnesota MNCarlton
0%
Minnesota MNCarver
0%
Minnesota MNCass
0%
Minnesota MNChippewa
0%
Minnesota MNChisago
0%
Minnesota MNClay
0%
Minnesota MNClearwater
0%
Minnesota MNCook
0%
Minnesota MNCottonwood
0%
Minnesota MNCrowWing
0%
Minnesota MNDodge
0%
Minnesota MNDouglas
0%
Minnesota MNFaribault
0%
Minnesota MNFillmore
0%
Minnesota MNFreeborn
0%
Minnesota MNGoodhue
0%
Minnesota MNGrant
0%
Minnesota MNHouston
0%
Minnesota MNHubbard
0%
Minnesota MNIsanti
0%
Minnesota MNItasca
0%
Minnesota MNJackson
0%
Minnesota MNKanabec
0%
Minnesota MNKandiyohi
0%
Minnesota MNKittson
0%
Minnesota MNLacquiParle
0%
Minnesota MNLeSueur
0%
Minnesota MNLincoln
0%
Minnesota MNLyon
0%
Minnesota MNMahnomen
0%
Minnesota MNMarshall
0%
Minnesota MNMartin
0%
Minnesota MNMcLeod
0%
Minnesota MNMeeker
0%
Minnesota MNMilleLacs
0%
Minnesota MNMorrison
0%
Minnesota MNMower
0%
Minnesota MNMurray
0%
Minnesota MNNicollet
0%
Minnesota MNNobles
0%
Minnesota MNNorman
0%
Minnesota MNOlmsted
0%
Minnesota MNOtterTail
0%
Minnesota MNPennington
0%
Minnesota MNPine
0%
Minnesota MNPipestone
0%
Minnesota MNPolk
0%
Minnesota MNPope
0%
Minnesota MNRamsey
0%
Minnesota MNRedwood
0%
Minnesota MNRenville
0%
Minnesota MNRice
0%
Minnesota MNRock
0%
Minnesota MNRoseau
0%
Minnesota MNScott
0%
Minnesota MNSherburne
0%
Minnesota MNSibley
0%
Minnesota MNStearns
0%
Minnesota MNSteele
0%
Minnesota MNStevens
0%
Minnesota MNSt.Louis
0%
Minnesota MNSwift
0%
Minnesota MNTodd
0%
Minnesota MNTraverse
0%
Minnesota MNWabasha
0%
Minnesota MNWadena
0%
Minnesota MNWaseca
0%
Minnesota MNWashington
0%
Minnesota MNWatonwan
0%
Minnesota MNWilkin
0%
Minnesota MNWinona
0%
Minnesota MNWright
0%
Missouri MOAdair
0%
Missouri MOAndrew
0%
Missouri MOAtchison
0%
Missouri MOAudrain
0%
Missouri MOBarry
0%
Missouri MOBarton
0%
Missouri MOBates
0%
Missouri MOBenton
0%
Missouri MOBollinger
0%
Missouri MOBoone
0%
Missouri MOBuchanan
0%
Missouri MOButler
0%
Missouri MOCaldwell
0%
Missouri MOCallaway
0%
Missouri MOCamden
0%
Missouri MOCapeGirardeau
0%
Missouri MOCarroll
0%
Missouri MOCarter
0%
Missouri MOCass
0%
Missouri MOCedar
0%
Missouri MOChariton
0%
Missouri MOChristian
0%
Missouri MOClark
0%
Missouri MOClay
0%
Missouri MOClinton
0%
Missouri MOCole
0%
Missouri MOCooper
0%
Missouri MOCrawford
0%
Missouri MODade
0%
Missouri MODallas
0%
Missouri MODaviess
0%
Missouri MODeKalb
0%
Missouri MODent
0%
Missouri MODouglas
0%
Missouri MODunklin
0%
Missouri MOFranklin
0%
Missouri MOGasconade
0%
Missouri MOGentry
0%
Missouri MOGreene
0%
Missouri MOGrundy
0%
Missouri MOHarrison
0%
Missouri MOHenry
0%
Missouri MOHickory
0%
Missouri MOHolt
0%
Missouri MOHoward
0%
Missouri MOHowell
0%
Missouri MOIron
0%
Missouri MOJasper
0%
Missouri MOJohnson
0%
Missouri MOKnox
0%
Missouri MOLaclede
0%
Missouri MOLafayette
0%
Missouri MOLawrence
0%
Missouri MOLewis
0%
Missouri MOLincoln
0%
Missouri MOLinn
0%
Missouri MOLivingston
0%
Missouri MOMacon
0%
Missouri MOMadison
0%
Missouri MOMaries
0%
Missouri MOMarion
0%
Missouri MOMcDonald
0%
Missouri MOMercer
0%
Missouri MOMiller
0%
Missouri MOMississippi
0%
Missouri MOMoniteau
0%
Missouri MOMonroe
0%
Missouri MOMontgomery
0%
Missouri MOMorgan
0%
Missouri MONewMadrid
0%
Missouri MONewton
0%
Missouri MONodaway
0%
Missouri MOOregon
0%
Missouri MOOsage
0%
Missouri MOPemiscot
0%
Missouri MOPerry
0%
Missouri MOPettis
0%
Missouri MOPhelps
0%
Missouri MOPike
0%
Missouri MOPlatte
0%
Missouri MOPolk
0%
Missouri MOPulaski
0%
Missouri MOPutnam
0%
Missouri MORalls
0%
Missouri MORandolph
0%
Missouri MORay
0%
Missouri MOReynolds
0%
Missouri MORipley
0%
Missouri MOSaline
0%
Missouri MOSchuyler
0%
Missouri MOScotland
0%
Missouri MOScott
0%
Missouri MOShannon
0%
Missouri MOShelby
0%
Missouri MOSt.Charles
0%
Missouri MOSt.Clair
0%
Missouri MOSte.Genevieve
0%
Missouri MOSt.Francois
0%
Missouri MOStoddard
0%
Missouri MOStone
0%
Missouri MOSullivan
0%
Missouri MOTaney
0%
Missouri MOTexas
0%
Missouri MOVernon
0%
Missouri MOWarren
0%
Missouri MOWashington
0%
Missouri MOWayne
0%
Missouri MOWebster
0%
Missouri MOWorth
0%
Missouri MOWright
0%
Mississippi MSAdams
0%
Mississippi MSAlcorn
0%
Mississippi MSAmite
0%
Mississippi MSAttala
0%
Mississippi MSBenton
0%
Mississippi MSBolivar
0%
Mississippi MSCalhoun
0%
Mississippi MSCarroll
0%
Mississippi MSChickasaw
0%
Mississippi MSChoctaw
0%
Mississippi MSClaiborne
0%
Mississippi MSClarke
0%
Mississippi MSClay
0%
Mississippi MSCoahoma
0%
Mississippi MSCopiah
0%
Mississippi MSCovington
0%
Mississippi MSDeSoto
0%
Mississippi MSForrest
0%
Mississippi MSFranklin
0%
Mississippi MSGeorge
0%
Mississippi MSGreene
0%
Mississippi MSGrenada
0%
Mississippi MSHancock
0%
Mississippi MSHarrison
0%
Mississippi MSHinds
0%
Mississippi MSHolmes
0%
Mississippi MSHumphreys
0%
Mississippi MSIssaquena
0%
Mississippi MSItawamba
0%
Mississippi MSJasper
0%
Mississippi MSJeffersonDavis
0%
Mississippi MSJefferson
0%
Mississippi MSJones
0%
Mississippi MSKemper
0%
Mississippi MSLafayette
0%
Mississippi MSLamar
0%
Mississippi MSLauderdale
0%
Mississippi MSLawrence
0%
Mississippi MSLeake
0%
Mississippi MSLee
0%
Mississippi MSLeflore
0%
Mississippi MSLincoln
0%
Mississippi MSLowndes
0%
Mississippi MSMadison
0%
Mississippi MSMarion
0%
Mississippi MSMarshall
0%
Mississippi MSMonroe
0%
Mississippi MSMontgomery
0%
Mississippi MSNeshoba
0%
Mississippi MSNewton
0%
Mississippi MSNoxubee
0%
Mississippi MSOktibbeha
0%
Mississippi MSPanola
0%
Mississippi MSPearl River
0%
Mississippi MSPerry
0%
Mississippi MSPike
0%
Mississippi MSPontotoc
0%
Mississippi MSPrentiss
0%
Mississippi MSQuitman
0%
Mississippi MSRankin
0%
Mississippi MSScott
0%
Mississippi MSSharkey
0%
Mississippi MSSimpson
0%
Mississippi MSSmith
0%
Mississippi MSStone
0%
Mississippi MSSunflower
0%
Mississippi MSTallahatchie
0%
Mississippi MSTate
0%
Mississippi MSTippah
0%
Mississippi MSTishomingo
0%
Mississippi MSTunica
0%
Mississippi MSUnion
0%
Mississippi MSWalthall
0%
Mississippi MSWarren
0%
Mississippi MSWashington
0%
Mississippi MSWayne
0%
Mississippi MSWebster
0%
Mississippi MSWilkinson
0%
Mississippi MSWinston
0%
Mississippi MSYalobusha
0%
Mississippi MSYazoo
0%
Montana MTBeaverhead
0%
Montana MTBigHorn
0%
Montana MTBlaine
0%
Montana MTBroadwater
0%
Montana MTCarbon
0%
Montana MTCarter
0%
Montana MTCascade
0%
Montana MTChouteau
0%
Montana MTCuster
0%
Montana MTDaniels
0%
Montana MTDawson
0%
Montana MTDeerLodge
0%
Montana MTFallon
0%
Montana MTFergus
0%
Montana MTFlathead
0%
Montana MTGallatin
0%
Montana MTGarfield
0%
Montana MTGlacier
0%
Montana MTGoldenValley
0%
Montana MTGranite
0%
Montana MTHill
0%
Montana MTJefferson
0%
Montana MTJudithBasin
0%
Montana MTLake
0%
Montana MTLiberty
0%
Montana MTLincoln
0%
Montana MTMadison
0%
Montana MTMcCone
0%
Montana MTMeagher
0%
Montana MTMineral
0%
Montana MTMusselshell
0%
Montana MTPark
0%
Montana MTPhillips
0%
Montana MTPondera
0%
Montana MTPowderRiver
0%
Montana MTPowell
0%
Montana MTPrairie
0%
Montana MTRavalli
0%
Montana MTRichland
0%
Montana MTRosebud
0%
Montana MTSanders
0%
Montana MTSheridan
0%
Montana MTSilverBow
0%
Montana MTStillwater
0%
Montana MTSweetGrass
0%
Montana MTTeton
0%
Montana MTToole
0%
Montana MTTreasure
0%
Montana MTValley
0%
Montana MTWheatland
0%
Montana MTWibaux
0%
Montana MTYellowstone
0%
North Carolina NCAlamance
0%
North Carolina NCAlexander
0%
North Carolina NCAlleghany
0%
North Carolina NCAnson
0%
North Carolina NCAvery
0%
North Carolina NCBeaufort
0%
North Carolina NCBertie
0%
North Carolina NCBladen
0%
North Carolina NCBrunswick
0%
North Carolina NCBuncombe
0%
North Carolina NCBurke
0%
North Carolina NCCabarrus
0%
North Carolina NCCaldwell
0%
North Carolina NCCamden
0%
North Carolina NCCarteret
0%
North Carolina NCCaswell
0%
North Carolina NCCatawba
0%
North Carolina NCChatham
0%
North Carolina NCCherokee
0%
North Carolina NCChowan
0%
North Carolina NCClay
0%
North Carolina NCCleveland
0%
North Carolina NCColumbus
0%
North Carolina NCCraven
0%
North Carolina NCCumberland
0%
North Carolina NCCurrituck
0%
North Carolina NCDare
0%
North Carolina NCDavidson
0%
North Carolina NCDavie
0%
North Carolina NCDuplin
0%
North Carolina NCEdgecombe
0%
North Carolina NCForsyth
0%
North Carolina NCFranklin
0%
North Carolina NCGaston
0%
North Carolina NCGates
0%
North Carolina NCGraham
0%
North Carolina NCGranville
0%
North Carolina NCGreene
0%
North Carolina NCGuilford
0%
North Carolina NCHalifax
0%
North Carolina NCHarnett
0%
North Carolina NCHaywood
0%
North Carolina NCHenderson
0%
North Carolina NCHertford
0%
North Carolina NCHoke
0%
North Carolina NCHyde
0%
North Carolina NCIredell
0%
North Carolina NCJackson
0%
North Carolina NCJohnston
0%
North Carolina NCJones
0%
North Carolina NCLee
0%
North Carolina NCLenoir
0%
North Carolina NCLincoln
0%
North Carolina NCMacon
0%
North Carolina NCMadison
0%
North Carolina NCMartin
0%
North Carolina NCMcDowell
0%
North Carolina NCMitchell
0%
North Carolina NCMontgomery
0%
North Carolina NCMoore
0%
North Carolina NCNash
0%
North Carolina NCNewHanover
0%
North Carolina NCNorthampton
0%
North Carolina NCOnslow
0%
North Carolina NCPamlico
0%
North Carolina NCPasquotank
0%
North Carolina NCPender
0%
North Carolina NCPerquimans
0%
North Carolina NCPerson
0%
North Carolina NCPitt
0%
North Carolina NCPolk
0%
North Carolina NCRandolph
0%
North Carolina NCRichmond
0%
North Carolina NCRobeson
0%
North Carolina NCRockingham
0%
North Carolina NCRowan
0%
North Carolina NCRutherford
0%
North Carolina NCSampson
0%
North Carolina NCScotland
0%
North Carolina NCStanly
0%
North Carolina NCStokes
0%
North Carolina NCSurry
0%
North Carolina NCSwain
0%
North Carolina NCTransylvania
0%
North Carolina NCTyrrell
0%
North Carolina NCUnion
0%
North Carolina NCVance
0%
North Carolina NCWarren
0%
North Carolina NCWashington
0%
North Carolina NCWatauga
0%
North Carolina NCWayne
0%
North Carolina NCWilkes
0%
North Carolina NCWilson
0%
North Carolina NCYadkin
0%
North Carolina NCYancey
0%
North Dakota NDAdams
0%
North Dakota NDBarnes
0%
North Dakota NDBenson
0%
North Dakota NDBillings
0%
North Dakota NDBottineau
0%
North Dakota NDBowman
0%
North Dakota NDBurke
0%
North Dakota NDBurleigh
0%
North Dakota NDCass
0%
North Dakota NDCavalier
0%
North Dakota NDDickey
0%
North Dakota NDDivide
0%
North Dakota NDDunn
0%
North Dakota NDEddy
0%
North Dakota NDEmmons
0%
North Dakota NDFoster
0%
North Dakota NDGoldenValley
0%
North Dakota NDGrandForks
0%
North Dakota NDGrant
0%
North Dakota NDGriggs
0%
North Dakota NDHettinger
0%
North Dakota nDKidder
0%
North Dakota NDLaMoure
0%
North Dakota NDLogan
0%
North Dakota NDMcHenry
0%
North Dakota NDMcIntosh
0%
North Dakota NDMcKenzie
0%
North Dakota NDMcLean
0%
North Dakota NDMercer
0%
North Dakota NDNDMorton
0%
North Dakota NDNDMountrail
0%
North Dakota NDNelson
0%
North Dakota NDOliver
0%
North Dakota NDPembina
0%
North Dakota NDPierce
0%
North Dakota NDRamsey
0%
North Dakota NDRansom
0%
North Dakota NDRenville
0%
North Dakota NDRichland
0%
North Dakota NDRolette
0%
North Dakota NDSargent
0%
North Dakota NDSheridan
0%
North Dakota NDSioux
0%
North Dakota NDSlope
0%
North Dakota NDStark
0%
North Dakota NDSteele
0%
North Dakota NDStutsman
0%
North Dakota NDTowner
0%
North Dakota NDTraill
0%
North Dakota NDWalsh
0%
North Dakota NDWard
0%
North Dakota NDWells
0%
North Dakota NDWilliams
0%
Nebraska NEAdams
0%
Nebraska NEAntelope
0%
Nebraska NEBanner
0%
Nebraska NEBlaine
0%
Nebraska NEBoone
0%
Nebraska NEBoxButte
0%
Nebraska NEBrown
0%
Nebraska NEBuffalo
0%
Nebraska NEBurt
0%
Nebraska NEButler
0%
Nebraska NECass
0%
Nebraska NECedar
0%
Nebraska NEChase
0%
Nebraska NECheyenne
0%
Nebraska NEClay
0%
Nebraska NEColfax
0%
Nebraska NECuming
0%
Nebraska NECuster
0%
Nebraska NEDakota
0%
Nebraska NEDawes
0%
Nebraska NEDawson
0%
Nebraska NEDeuel
0%
Nebraska NEDixon
0%
Nebraska NEDodge
0%
Nebraska NEDundy
0%
Nebraska NEFillmore
0%
Nebraska NEFranklin
0%
Nebraska NEFrontier
0%
Nebraska NEFurnas
0%
Nebraska NEGage
0%
Nebraska NEGarden
0%
Nebraska NEGarfield
0%
Nebraska NEGosper
0%
Nebraska NEGrant
0%
Nebraska NEGreeley
0%
Nebraska NEHall
0%
Nebraska NEHamilton
0%
Nebraska NEHarlan
0%
Nebraska NEHayes
0%
Nebraska NEHitchcock
0%
Nebraska NEHolt
0%
Nebraska NEHooker
0%
Nebraska NEHoward
0%
Nebraska NEJefferson
0%
Nebraska NEJohnson
0%
Nebraska NEKearney
0%
Nebraska NEKeith
0%
Nebraska NEKeyaPaha
0%
Nebraska NEKimball
0%
Nebraska NEKnox
0%
Nebraska NELancaster
0%
Nebraska NELogan
0%
Nebraska NELoup
0%
Nebraska NEMadison
0%
Nebraska NEMcPherson
0%
Nebraska NEMerrick
0%
Nebraska NEMorrill
0%
Nebraska NENance
0%
Nebraska NENemaha
0%
Nebraska NENuckolls
0%
Nebraska NEOtoe
0%
Nebraska NEPawnee
0%
Nebraska NEPerkins
0%
Nebraska NEPhelps
0%
Nebraska NEPierce
0%
Nebraska NEPlatte
0%
Nebraska NEPolk
0%
Nebraska NERedWillow
0%
Nebraska NERichardson
0%
Nebraska NESaline
0%
Nebraska NESaunders
0%
Nebraska NEScottsBluff
0%
Nebraska NESeward
0%
Nebraska NESheridan
0%
Nebraska NESherman
0%
Nebraska NESioux
0%
Nebraska NEStanton
0%
Nebraska NEThayer
0%
Nebraska NEThomas
0%
Nebraska NEThurston
0%
Nebraska NEValley
0%
Nebraska NEWashington
0%
Nebraska NEWayne
0%
Nebraska NEWebster
0%
Nebraska NEWheeler
0%
Nebraska NEYork
0%
New Hampshire NHBelknap
0%
New Hampshire NHCarroll
0%
New Hampshire NHCheshire
0%
New Hampshire NHGrafton
0%
New Hampshire NHHillsborough
0%
New Hampshire NHMerrimack
0%
New Hampshire NHRockingham
0%
New Hampshire NHStrafford
0%
New Hampshire NHSullivan
0%
New Jersey NJBurlington
0%
New Jersey NJCumberland
0%
New Jersey NJEssex
0%
New Jersey NJGloucester
0%
New Jersey NJMercer
0%
New Jersey NJMiddlesex
0%
New Jersey NJOcean
0%
New Jersey NJSalem
0%
New Jersey NJSomerset
0%
New Jersey NJSussex
0%
New Jersey NJUnion
0%
New Jersey NJWarren
0%
New Mexico NMCatron
0%
New Mexico NMCibola
0%
New Mexico NMColfax
0%
New Mexico NMCurry
0%
New Mexico NMDeBaca
0%
New Mexico NMEddy
0%
New Mexico NMGrant
0%
New Mexico NMGuadalupe
0%
New Mexico NMHidalgo
0%
New Mexico NMLosAlamos
0%
New Mexico NMLuna
0%
New Mexico NMMcKinley
0%
New Mexico NMOtero
0%
New Mexico NMRioArriba
0%
New Mexico NMSandoval
0%
New Mexico NMSanMiguel
0%
New Mexico NMSierra
0%
New Mexico NMSocorro
0%
New Mexico NMTorrance
0%
New Mexico NMUnion
0%
Nevada NVChurchill
0%
Nevada NVDouglas
0%
Nevada NVLander
0%
Nevada NVLyon
0%
Nevada NVPershing
0%
Nevada NVStorey
0%
New York NYBroome
0%
New York NYCayuga
0%
New York NYChemung
0%
New York NYChenango
0%
New York NYColumbia
0%
New York NYDelaware
0%
New York NYDutchess
0%
New York NYEssex
0%
New York NYFranklin
0%
New York NYFulton
0%
New York NYGenesee
0%
New York NYLewis
0%
New York NYLivingston
0%
New York NYMadison
0%
New York NYMonroe
0%
New York NYMontgomery
0%
New York NYOneida
0%
New York NYOrleans
0%
New York NYRensselaer
0%
New York NYSchenectady
0%
New York NYSchoharie
0%
New York NYSchuyler
0%
New York NYSeneca
0%
New York NYSteuben
0%
New York NYSullivan
0%
New York NYTioga
0%
New York NYUlster
0%
New York NYWarren
0%
New York NYWayne
0%
New York NYYates
0%
Oklahoma OKAdair
0%
Oklahoma OKAlfalfa
0%
Oklahoma OKAtoka
0%
Oklahoma OKBeaver
0%
Oklahoma OKBeckham
0%
Oklahoma OKBlaine
0%
Oklahoma OKBryan
0%
Oklahoma OKCaddo
0%
Oklahoma OKCarter
0%
Oklahoma OKChoctaw
0%
Oklahoma OKCleveland
0%
Oklahoma OKCoal
0%
Oklahoma OKComanche
0%
Oklahoma OKCotton
0%
Oklahoma OKCraig
0%
Oklahoma OKCreek
0%
Oklahoma OKCuster
0%
Oklahoma OKDelaware
0%
Oklahoma OKDewey
0%
Oklahoma OKEllis
0%
Oklahoma OKGarfield
0%
Oklahoma OKGarvin
0%
Oklahoma OKGrady
0%
Oklahoma OKGrant
0%
Oklahoma OKGreer
0%
Oklahoma OKHarmon
0%
Oklahoma OKHarper
0%
Oklahoma OKHaskell
0%
Oklahoma OKHughes
0%
Oklahoma OKJefferson
0%
Oklahoma OKJohnston
0%
Oklahoma OKKay
0%
Oklahoma OKKingfisher
0%
Oklahoma OKKiowa
0%
Oklahoma OKLatimer
0%
Oklahoma OKLeFlore
0%
Oklahoma OKLincoln
0%
Oklahoma OKLogan
0%
Oklahoma OKLove
0%
Oklahoma OKMajor
0%
Oklahoma OKMarshall
0%
Oklahoma OKMayes
0%
Oklahoma OKMcClain
0%
Oklahoma OKMcCurtain
0%
Oklahoma OKMcIntosh
0%
Oklahoma OKMurray
0%
Oklahoma OKMuskogee
0%
Oklahoma OKNoble
0%
Oklahoma OKNowata
0%
Oklahoma OKOkfuskee
0%
Oklahoma OKOkmulgee
0%
Oklahoma OKOsage
0%
Oklahoma OKOttawa
0%
Oklahoma OKPawnee
0%
Oklahoma OKPayne
0%
Oklahoma OKPittsburg
0%
Oklahoma OKPontotoc
0%
Oklahoma OKPottawatomie
0%
Oklahoma OKPushmataha
0%
Oklahoma OKRogerMills
0%
Oklahoma OKRogers
0%
Oklahoma OKSeminole
0%
Oklahoma OKSequoyah
0%
Oklahoma OKStephens
0%
Oklahoma OKTillman
0%
Oklahoma OKWagoner
0%
Oklahoma OKWashington
0%
Oklahoma OKWashita
0%
Oklahoma OKWoods
0%
Oklahoma OKWoodward
0%
Oregon ORClackamas
0%
Oregon ORClatsop
0%
Oregon ORCrook
0%
Oregon ORCurry
0%
Oregon ORDeschutes
0%
Oregon ORDouglas
0%
Oregon ORGilliam
0%
Oregon ORGrant
0%
Oregon ORHarney
0%
Oregon ORHoodRiver
0%
Oregon ORJefferson
0%
Oregon ORLinn
0%
Oregon ORMalheur
0%
Oregon ORMorrow
0%
Oregon ORSherman
0%
Oregon ORTillamook
0%
Oregon ORUnion
0%
Oregon ORWallowa
0%
Oregon ORWasco
0%
Oregon ORYamhill
0%
Pennsylvania PAAdams
0%
Pennsylvania PAArmstrong
0%
Pennsylvania PABedford
0%
Pennsylvania PABerks
0%
Pennsylvania PABlair
0%
Pennsylvania PABradford
0%
Pennsylvania PAButler
0%
Pennsylvania PACambria
0%
Pennsylvania PACameron
0%
Pennsylvania PAChester
0%
Pennsylvania PAClarion
0%
Pennsylvania PAClearfield
0%
Pennsylvania PAClinton
0%
Pennsylvania PAColumbia
0%
Pennsylvania PACrawford
0%
Pennsylvania PAElk
0%
Pennsylvania PAFayette
0%
Pennsylvania PAForest
0%
Pennsylvania PAFulton
0%
Pennsylvania PAHuntingdon
0%
Pennsylvania PAJefferson
0%
Pennsylvania PAJuniata
0%
Pennsylvania PALawrence
0%
Pennsylvania PALebanon
0%
Pennsylvania PALehigh
0%
Pennsylvania PALuzerne
0%
Pennsylvania PALycoming
0%
Pennsylvania PAMcKean
0%
Pennsylvania PAMercer
0%
Pennsylvania PAMifflin
0%
Pennsylvania PAMonroe
0%
Pennsylvania PAMontour
0%
Pennsylvania PANorthampton
0%
Pennsylvania PANorthumberland
0%
Pennsylvania PAPerry
0%
Pennsylvania PAPike
0%
Pennsylvania PAPotter
0%
Pennsylvania PASchuylkill
0%
Pennsylvania PASnyder
0%
Pennsylvania PASomerset
0%
Pennsylvania PASullivan
0%
Pennsylvania PATioga
0%
Pennsylvania PAUnion
0%
Pennsylvania PAVenango
0%
Pennsylvania PAWarren
0%
Pennsylvania PAWestmoreland
0%
Pennsylvania PAWyoming
0%
South Carolina SCAbbeville
0%
South Carolina SCAiken
0%
South Carolina SCAllendale
0%
South Carolina SCAnderson
0%
South Carolina SCBamberg
0%
South Carolina SCBarnwell
0%
South Carolina SCBeaufort
0%
South Carolina SCBerkeley
0%
South Carolina SCCalhoun
0%
South Carolina SCCherokee
0%
South Carolina SCChesterfield
0%
South Carolina SCChester
0%
South Carolina SCClarendon
0%
South Carolina SCColleton
0%
South Carolina SCDarlington
0%
South Carolina SCDillon
0%
South Carolina SCDorchester
0%
South Carolina SCEdgefield
0%
South Carolina SCFairfield
0%
South Carolina SCFlorence
0%
South Carolina SCGeorgetown
0%
South Carolina SCGreenville
0%
South Carolina SCGreenwood
0%
South Carolina SCHampton
0%
South Carolina SCJasper
0%
South Carolina SCKershaw
0%
South Carolina SCLancaster
0%
South Carolina SCLaurens
0%
South Carolina SCLee
0%
South Carolina SCLexington
0%
South Carolina SCMarion
0%
South Carolina SCMarlboro
0%
South Carolina SCMcCormick
0%
South Carolina SCNewberry
0%
South Carolina SCOconee
0%
South Carolina SCOrangeburg
0%
South Carolina SCPickens
0%
South Carolina SCRichland
0%
South Carolina SCSaluda
0%
South Carolina SCSpartanburg
0%
South Carolina SCSumter
0%
South Carolina SCUnion
0%
South Carolina SCWilliamsburg
0%
South Carolina SCYork
0%
South Dakota SDAurora
0%
South Dakota SDBeadle
0%
South Dakota SDBennett
0%
South Dakota SDBonHomme
0%
South Dakota SDBrookings
0%
South Dakota SDBrown
0%
South Dakota SDBrule
0%
South Dakota SDButte
0%
South Dakota SDCampbell
0%
South Dakota SDCharlesMix
0%
South Dakota SDClark
0%
South Dakota SDClay
0%
South Dakota SDCodington
0%
South Dakota SDCorson
0%
South Dakota SDCuster
0%
South Dakota SDDavison
0%
South Dakota SDDay
0%
South Dakota SDDeuel
0%
South Dakota SDDewey
0%
South Dakota SDDouglas
0%
South Dakota SDEdmunds
0%
South Dakota SDFaulk
0%
South Dakota SDGrant
0%
South Dakota SDGregory
0%
South Dakota SDHaakon
0%
South Dakota SDHamlin
0%
South Dakota SDHanson
0%
South Dakota SDHarding
0%
South Dakota SDHughes
0%
South Dakota SDHutchinson
0%
South Dakota SDHyde
0%
South Dakota SDJackson
0%
South Dakota SDJerauld
0%
South Dakota SDJones
0%
South Dakota SDKingsbury
0%
South Dakota SDLake
0%
South Dakota SDLyman
0%
South Dakota SDMarshall
0%
South Dakota SDMcCook
0%
South Dakota SDMcPherson
0%
South Dakota SDMeade
0%
South Dakota SDMiner
0%
South Dakota SDMinnehaha
0%
South Dakota SDMoody
0%
South Dakota SDPennington
0%
South Dakota SDPerkins
0%
South Dakota SDPotter
0%
South Dakota SDRoberts
0%
South Dakota SDSanborn
0%
South Dakota SDSpink
0%
South Dakota SDStanley
0%
South Dakota SDSully
0%
South Dakota SDTodd
0%
South Dakota SDTripp
0%
South Dakota SDTurner
0%
South Dakota SDUnion
0%
South Dakota SDWalworth
0%
South Dakota SDZiebach
0%
Louisiana SLARichland
0%
Tennessee TNAnderson
0%
Tennessee TNBedford
0%
Tennessee TNBenton
0%
Tennessee TNBledsoe
0%
Tennessee TNBlount
0%
Tennessee TNBradley
0%
Tennessee TNCampbell
0%
Tennessee TNCannon
0%
Tennessee TNCarroll
0%
Tennessee TNCarter
0%
Tennessee TNCheatham
0%
Tennessee TNChester
0%
Tennessee TNClaiborne
0%
Tennessee TNClay
0%
Tennessee TNCocke
0%
Tennessee TNCoffee
0%
Tennessee TNCrockett
0%
Tennessee TNCumberland
0%
Tennessee TNDecatur
0%
Tennessee TNDeKalb
0%
Tennessee TNDickson
0%
Tennessee TNDyer
0%
Tennessee TNFayette
0%
Tennessee TNFentress
0%
Tennessee TNFranklin
0%
Tennessee TNGibson
0%
Tennessee TNGiles
0%
Tennessee TNGrainger
0%
Tennessee TNGreene
0%
Tennessee TNGrundy
0%
Tennessee TNHamblen
0%
Tennessee TNHamilton
0%
Tennessee TNHancock
0%
Tennessee TNHardeman
0%
Tennessee TNHardin
0%
Tennessee TNHawkins
0%
Tennessee TNHaywood
0%
Tennessee TNHenderson
0%
Tennessee TNHenry
0%
Tennessee TNHickman
0%
Tennessee TNHouston
0%
Tennessee TNHumphreys
0%
Tennessee TNJackson
0%
Tennessee TNJefferson
0%
Tennessee TNJohnson
0%
Tennessee TNKnox
0%
Tennessee TNLauderdale
0%
Tennessee TNLawrence
0%
Tennessee TNLewis
0%
Tennessee TNLincoln
0%
Tennessee TNLoudon
0%
Tennessee TNMacon
0%
Tennessee TNMadison
0%
Tennessee TNMarion
0%
Tennessee TNMarshall
0%
Tennessee TNMaury
0%
Tennessee TNMcMinn
0%
Tennessee TNMcNairy
0%
Tennessee TNMeigs
0%
Tennessee TNMonroe
0%
Tennessee TNMontgomery
0%
Tennessee TNMoore
0%
Tennessee TNMorgan
0%
Tennessee TNObion
0%
Tennessee TNOverton
0%
Tennessee TNPerry
0%
Tennessee TNPickett
0%
Tennessee TNPolk
0%
Tennessee TNPutnam
0%
Tennessee TNRhea
0%
Tennessee TNRoane
0%
Tennessee TNRobertson
0%
Tennessee TNRutherford
0%
Tennessee TNScott
0%
Tennessee TNSequatchie
0%
Tennessee TNSevier
0%
Tennessee TNShelby
0%
Tennessee TNSmith
0%
Tennessee TNStewart
0%
Tennessee TNSullivan
0%
Tennessee TNSumner
0%
Tennessee TNTipton
0%
Tennessee TNTrousdale
0%
Tennessee TNUnicoi
0%
Tennessee TNUnion
0%
Tennessee TNVanBuren
0%
Tennessee TNWarren
0%
Tennessee TNWashington
0%
Tennessee TNWayne
0%
Tennessee TNWeakley
0%
Tennessee TNWhite
0%
Tennessee TNWilliamson
0%
Tennessee TNWilson
0%
Texas TXAnderson
0%
Texas TXAndrews
0%
Texas TXArcher
0%
Texas TXAtascosa
0%
Texas TXAustin
0%
Texas TXBailey
0%
Texas TXBandera
0%
Texas TXBastrop
0%
Texas TXBaylor
0%
Texas TXBee
0%
Texas TXBlanco
0%
Texas TXBorden
0%
Texas TXBosque
0%
Texas TXBrazos
0%
Texas TXBriscoe
0%
Texas TXBrown
0%
Texas TXBurleson
0%
Texas TXCaldwell
0%
Texas TXCalhoun
0%
Texas TXCallahan
0%
Texas TXCameron
0%
Texas TXCamp
0%
Texas TXCarson
0%
Texas TXCass
0%
Texas TXCastro
0%
Texas TXCherokee
0%
Texas TXChildress
0%
Texas TXClay
0%
Texas TXCochran
0%
Texas TXCoke
0%
Texas TXColeman
0%
Texas TXCollingsworth
0%
Texas TXComanche
0%
Texas TXConcho
0%
Texas TXCooke
0%
Texas TXCoryell
0%
Texas TXCottle
0%
Texas TXCrane
0%
Texas TXCrosby
0%
Texas TXCulberson
0%
Texas TXDallam
0%
Texas TXDawson
0%
Texas TXDelta
0%
Texas TXDeWitt
0%
Texas TXDickens
0%
Texas TXDimmit
0%
Texas TXDonley
0%
Texas TXEastland
0%
Texas TXEctor
0%
Texas TXEdwards
0%
Texas TXEllis
0%
Texas TXErath
0%
Texas TXFalls
0%
Texas TXFannin
0%
Texas TXFayette
0%
Texas TXFisher
0%
Texas TXFloyd
0%
Texas TXFoard
0%
Texas TXFranklin
0%
Texas TXFreestone
0%
Texas TXFrio
0%
Texas TXGaines
0%
Texas TXGarza
0%
Texas TXGillespie
0%
Texas TXGlasscock
0%
Texas TXGoliad
0%
Texas TXGonzales
0%
Texas TXGray
0%
Texas TXGrayson
0%
Texas TXGregg
0%
Texas TXGrimes
0%
Texas TXHale
0%
Texas TXHall
0%
Texas TXHamilton
0%
Texas TXHansford
0%
Texas TXHardeman
0%
Texas TXHardin
0%
Texas TXHarrison
0%
Texas TXHartley
0%
Texas TXHaskell
0%
Texas TXHemphill
0%
Texas TXHenderson
0%
Texas TXHidalgo
0%
Texas TXHill
0%
Texas TXHockley
0%
Texas TXHopkins
0%
Texas TXHoward
0%
Texas TXHudspeth
0%
Texas TXHutchinson
0%
Texas TXIrion
0%
Texas TXJackson
0%
Texas TXJasper
0%
Texas TXJimHogg
0%
Texas TXJimWells
0%
Texas TXJones
0%
Texas TXKarnes
0%
Texas TXKendall
0%
Texas TXKent
0%
Texas TXKerr
0%
Texas TXKimble
0%
Texas TXKinney
0%
Texas TXKnox
0%
Texas TXLamar
0%
Texas TXLamb
0%
Texas TXLampasas
0%
Texas TXLaSalle
0%
Texas TXLavaca
0%
Texas TXLeon
0%
Texas TXLimestone
0%
Texas TXLipscomb
0%
Texas TXLiveOak
0%
Texas TXLlano
0%
Texas TXLynn
0%
Texas TXMadison
0%
Texas TXMarion
0%
Texas TXMartin
0%
Texas TXMason
0%
Texas TXMatagorda
0%
Texas TXMaverick
0%
Texas TXMcCulloch
0%
Texas TXMcLennan
0%
Texas TXMcMullen
0%
Texas TXMedina
0%
Texas TXMenard
0%
Texas TXMilam
0%
Texas TXMills
0%
Texas TXMitchell
0%
Texas TXMontague
0%
Texas TXMoore
0%
Texas TXMorris
0%
Texas TXMotley
0%
Texas TXNacogdoches
0%
Texas TXNavarro
0%
Texas TXNewton
0%
Texas TXNolan
0%
Texas TXOchiltree
0%
Texas TXOldham
0%
Texas TXPaloPinto
0%
Texas TXParker
0%
Texas TXParmer
0%
Texas TXPolk
0%
Texas TXPotter
0%
Texas TXPresidio
0%
Texas TXRains
0%
Texas TXRandall
0%
Texas TXReagan
0%
Texas TXReal
0%
Texas TXRedRiver
0%
Texas TXReeves
0%
Texas TXRefugio
0%
Texas TXRobertson
0%
Texas TXRunnels
0%
Texas TXSanAugustine
0%
Texas TXSanPatricio
0%
Texas TXSchleicher
0%
Texas TXScurry
0%
Texas TXShackelford
0%
Texas TXShelby
0%
Texas TXSherman
0%
Texas TXSmith
0%
Texas TXSomervell
0%
Texas TXStephens
0%
Texas TXSterling
0%
Texas TXSutton
0%
Texas TXSwisher
0%
Texas TXTaylor
0%
Texas TXTerrell
0%
Texas TXTerry
0%
Texas TXThrockmorton
0%
Texas TXTitus
0%
Texas TXTXKendall
0%
Texas TXTyler
0%
Texas TXUpton
0%
Texas TXUvalde
0%
Texas TXValVerde
0%
Texas TXVanZandt
0%
Texas TXVictoria
0%
Texas TXWalker
0%
Texas TXWard
0%
Texas TXWharton
0%
Texas TXWheeler
0%
Texas TXWilbarger
0%
Texas TXWillacy
0%
Texas TXWilson
0%
Texas TXWinkler
0%
Texas TXWise
0%
Texas TXWood
0%
Texas TXYoakum
0%
Texas TXYoung
0%
Texas TXZavala
0%
Virginia VAAccomack
0%
Virginia VAClarke
0%
Virginia VACraig
0%
Virginia VAEmporia
0%
Virginia VANorthampton
0%
Virginia VAPowhatan
0%
Virginia VAWarren
0%
Vermont VTAddison
0%
Vermont VTBennington
0%
Vermont VTCaledonia
0%
Vermont VTChittenden
0%
Vermont VTFranklin
0%
Vermont VTGrandIsle
0%
Vermont VTLamoille
0%
Vermont VTRutland
0%
Vermont VTWashington
0%
Vermont VTWindham
0%
Vermont VTWindsor
0%
Washington WAAdams
0%
Washington WAAsotin
0%
Washington WABenton
0%
Washington WAClallam
0%
Washington WAColumbia
0%
Washington WACowlitz
0%
Washington WADouglas
0%
Washington WAFerry
0%
Washington WAFranklin
0%
Washington WAGarfield
0%
Washington WAGrant
0%
Washington WAGraysHarbor
0%
Washington WAIsland
0%
Washington WAJefferson
0%
Washington WAKitsap
0%
Washington WAKittitas
0%
Washington WAKlickitat
0%
Washington WALewis
0%
Washington WALincoln
0%
Washington WAMason
0%
Washington WAOkanogan
0%
Washington WAPacific
0%
Washington WAPendOreille
0%
Washington WAPierce
0%
Washington WASan Juan
0%
Washington WASkagit
0%
Washington WASkamania
0%
Washington WASnohomish
0%
Washington WAStevens
0%
Washington WAThurston
0%
Washington WAWahkiakum
0%
Washington WAWallaWalla
0%
Washington WAWhatcom
0%
Washington WAWhitman
0%
Wisconsin WIAdams
0%
Wisconsin WIBarron
0%
Wisconsin WIBayfield
0%
Wisconsin WIBrown
0%
Wisconsin WIBuffalo
0%
Wisconsin WIBurnett
0%
Wisconsin WICalumet
0%
Wisconsin WIChippewa
0%
Wisconsin WIClark
0%
Wisconsin WIColumbia
0%
Wisconsin WICrawford
0%
Wisconsin WIDodge
0%
Wisconsin WIDouglas
0%
Wisconsin WIDunn
0%
Wisconsin WIFlorence
0%
Wisconsin WIFondduLac
0%
Wisconsin WIForest
0%
Wisconsin WIGrant
0%
Wisconsin WIGreenLake
0%
Wisconsin WIGreen
0%
Wisconsin WIIowa
0%
Wisconsin WIIron
0%
Wisconsin WIJackson
0%
Wisconsin WIJefferson
0%
Wisconsin WIJuneau
0%
Wisconsin WIKewaunee
0%
Wisconsin WILafayette
0%
Wisconsin WILanglade
0%
Wisconsin WILincoln
0%
Wisconsin WIManitowoc
0%
Wisconsin WIMarathon
0%
Wisconsin WIMarinette
0%
Wisconsin WIMarquette
0%
Wisconsin WIMonroe
0%
Wisconsin WIOconto
0%
Wisconsin WIOneida
0%
Wisconsin WIOutagamie
0%
Wisconsin WIPierce
0%
Wisconsin WIPolk
0%
Wisconsin WIPortage
0%
Wisconsin WIPrice
0%
Wisconsin WIRichland
0%
Wisconsin WIRock
0%
Wisconsin WIRusk
0%
Wisconsin WISauk
0%
Wisconsin WISawyer
0%
Wisconsin WIShawano
0%
Wisconsin WISt.Croix
0%
Wisconsin WITaylor
0%
Wisconsin WIVernon
0%
Wisconsin WIVilas
0%
Wisconsin WIWalworth
0%
Wisconsin WIWashburn
0%
Wisconsin WIWaupaca
0%
Wisconsin WIWaushara
0%
Wisconsin WIWinnebago
0%
Wyoming WYBigHorn
0%
Wyoming WYCampbell
0%
Wyoming WYConverse
0%
Wyoming WYHotSprings
0%
Wyoming WYNiobrara
0%
Wyoming WYPlatte
0%
Wyoming WYSublette
0%
Wyoming WYSweetwater
0%
Wyoming WYWeston
0%
No matching quizzes found
Score Distribution
Percent of People with Each Score
Percentile by Number Answered
Your Score History
You have not taken this quiz